Statistics for 50 Most Populous Cities in Each U.S. State With a Map

Click here to take the quiz!

General Stats

  • This quiz has been taken 41 times
  • The average score is 403 of 2488

Answers on the Map

Answers color-coded by a green-red scale on the quiz's map according to % correct below.
Loading ...
 

Answer Stats

StateTypePopulationCity% Correct
CaliforniaCity805,235San Francisco
97%
KentuckyMetro Government597,337Louisville/Jefferson County
97%
PennsylvaniaCity1,526,006Philadelphia
97%
FloridaCity399,457Miami
97%
IllinoisCity2,695,598Chicago
97%
MassachusettsCity617,594Boston
97%
OklahomaCity13,570Miami
97%
TexasCity2,099,451Houston
94%
ArkansasCity28,364Jacksonville
94%
AlaskaCity1,912Houston
94%
New MexicoCity545,852Albuquerque
94%
FloridaCity821,784Jacksonville
94%
ArizonaCity1,445,632Phoenix
94%
OregonCity14,583Dallas
94%
WashingtonCity608,660Seattle
94%
MaineCDP2,884Lincoln
94%
IndianaCity44,061Columbus
94%
NebraskaCity22,111Columbus
94%
MichiganCity33,534Jackson
94%
NevadaCity583,756Las Vegas
94%
WyomingTown9,577Jackson
94%
TexasCity1,197,816Dallas
94%
TennesseeCity65,211Jackson
94%
GeorgiaCity420,003Atlanta
94%
NebraskaCity258,379Lincoln
94%
GeorgiaCity189,885Columbus
94%
MassachusettsCity41,340Salem
94%
North CarolinaCity70,145Jacksonville
94%
VirginiaCity24,802Salem
94%
OregonCity154,637Salem
94%
MississippiCity173,514Jackson
94%
IdahoCDP3,647Lincoln
94%
New YorkCity261,310Buffalo
94%
North DakotaCity2,406Lincoln
94%
OhioCity787,033Columbus
94%
North CarolinaCity229,617Winston-Salem
94%
WyomingCity4,585Buffalo
94%
MississippiCity23,640Columbus
94%
New MexicoCity13,753Las Vegas
94%
New YorkCity8,175,133New York
94%
LouisianaCity343,829New Orleans
94%
South DakotaCity1,989Springfield
91%
ColoradoCity600,158Denver
91%
PennsylvaniaTownship24,211Springfield Township
91%
MassachusettsCity153,060Springfield
91%
KansasCity20,233Pittsburg
91%
UtahCity87,461Sandy
91%
HawaiiCDP337,256Urban Honolulu
91%
TennesseeCity41,285Cleveland
91%
TexasCity1,327,407San Antonio
91%
OregonCity583,776Portland
91%
TennesseeCity34,681Columbia
91%
OregonCity59,403Springfield
91%
TennesseeCity16,440Springfield
91%
South CarolinaCity129,272Columbia
91%
VermontCDP3,979Springfield
91%
IllinoisCity116,250Springfield
91%
OhioCity296,943Cincinnati
91%
OhioCity60,608Springfield
91%
TennesseeCity11,480Portland
91%
OhioCity396,815Cleveland
91%
MissouriCity159,498Springfield
91%
CaliforniaCity1,307,402San Diego
91%
MissouriCity108,500Columbia
91%
CaliforniaCity3,792,621Los Angeles
91%
VirginiaCDP30,484Springfield
91%
MaineCity66,194Portland
91%
FloridaCity335,709Tampa
91%
MinnesotaCity382,578Minneapolis
91%
MississippiCity12,334Cleveland
91%
MarylandCity620,961Baltimore
91%
MarylandCDP99,615Columbia
91%
KentuckyCity31,364Richmond
88%
MarylandCDP32,032Montgomery Village
88%
New YorkCity97,856Albany
88%
CaliforniaCity945,942San Jose
88%
IndianaCity36,812Richmond
88%
TexasCity790,390Austin
88%
VirginiaCity204,214Richmond
88%
KansasCity145,786Kansas City
88%
OklahomaCity579,999Oklahoma City
88%
IdahoCity205,671Boise City
88%
GeorgiaCity77,434Albany
88%
IndianaCity820,445Indianapolis
88%
GeorgiaConsolidated Government195,844Augusta-Richmond County
88%
West VirginiaCity51,400Charleston
88%
FloridaCity238,300Orlando
88%
TexasCity741,206Fort Worth
88%
AlabamaCity212,237Birmingham
88%
South CarolinaCity120,083Charleston
88%
TennesseeMetro Government601,222Nashville-Davidson
88%
AlabamaCity205,764Montgomery
88%
MinnesotaCity285,068St. Paul
88%
OregonCity50,158Albany
88%
MissouriCity459,787Kansas City
88%
Rhode IslandCity178,042Providence
88%
MinnesotaCity24,718Austin
88%
WisconsinCity594,833Milwaukee
85%
WashingtonCity29,673Des Moines
85%
AlabamaCity42,938Madison
85%
ColoradoCity416,427Colorado Springs
85%
TennesseeCity646,889Memphis
85%
MississippiCity24,149Madison
85%
South DakotaCity2,534Hartford
85%
TexasCity104,553Wichita Falls
85%
New HampshireCity29,752Rochester
85%
UtahCity186,440Salt Lake City
85%
New YorkCity210,565Rochester
85%
LouisianaCDP11,193Jefferson
85%
KansasCity382,368Wichita
85%
AlaskaCity and Borough31,275Juneau
85%
MissouriCity319,294St. Louis
85%
AlaskaMunicipality291,826Anchorage
85%
MinnesotaCity106,769Rochester
85%
South DakotaCity6,474Madison
85%
IowaCity203,433Des Moines
85%
NebraskaCity408,958Omaha
85%
West VirginiaCity3,076Madison
85%
KentuckyUrban County295,803Lexington-Fayette
85%
North CarolinaCity403,892Raleigh
85%
ConnecticutCity124,775Hartford
85%
North CarolinaCity731,424Charlotte
85%
AlabamaCity195,111Mobile
85%
MichiganCity713,777Detroit
85%
WisconsinCity233,209Madison
85%
CaliforniaCity466,488Sacramento
82%
OklahomaCity391,906Tulsa
82%
MontanaCity104,170Billings
82%
LouisianaCity229,493Baton Rouge
82%
KansasCity127,473Topeka
82%
North DakotaCity61,272Bismarck
82%
VirginiaCity437,994Virginia Beach
82%
New JerseyCity84,913Trenton
82%
ArizonaCity520,116Tucson
82%
New YorkCity145,170Syracuse
79%
CaliforniaCity390,724Oakland
79%
ArkansasCity193,524Little Rock
79%
MichiganCity114,297Lansing
79%
FloridaCity181,376Tallahassee
79%
New HampshireCity29,987Dover
79%
NevadaCity55,274Carson City
79%
MassachusettsCity181,045Worcester
79%
DelawareCDP3,450Dover Base Housing
79%
KansasCity11,265Lansing
79%
OhioCity199,110Akron
79%
DelawareCity36,047Dover
79%
WyomingCity59,466Cheyenne
79%
UtahCity24,331Syracuse
79%
NevadaCity225,221Reno
79%
AlaskaCity31,535Fairbanks
79%
ColoradoCity18,376Louisville
79%
ConnecticutCDP30,577Manchester
76%
New MexicoCity67,947Santa Fe
76%
TennesseeTown11,517Arlington
76%
MichiganCity188,040Grand Rapids
76%
VermontCity7,855Montpelier
76%
TexasCity190,695Amarillo
76%
OhioCity287,208Toledo
76%
South DakotaCity153,888Sioux Falls
76%
MissouriCity18,094Manchester
76%
TennesseeCity178,874Knoxville
76%
GeorgiaCity136,286Savannah
76%
OregonCity20,291Milwaukie
76%
North DakotaCity105,549Fargo
76%
VirginiaCDP207,627Arlington
76%
CaliforniaCity494,665Fresno
76%
MassachusettsCDP42,844Arlington
76%
New HampshireCity109,565Manchester
76%
TexasCity365,438Arlington
76%
VermontCDP1,213Arlington
76%
TexasCity305,215Corpus Christi
76%
ArkansasCity7,879Newport
73%
New JerseyCity247,597Jersey City
73%
VermontCity4,589Newport
73%
DelawareTown1,055Newport
73%
CaliforniaCity336,265Anaheim
73%
OhioCity47,573Newark
73%
New JerseyCity277,140Newark
73%
South DakotaCity13,646Pierre
73%
Rhode IslandCity24,672Newport
73%
IndianaCity253,691Fort Wayne
73%
TexasCity649,121El Paso
73%
WashingtonCity208,916Spokane
73%
TennesseeCity167,674Chattanooga
73%
New HampshireCDP4,769Newport
73%
KansasCity9,274Augusta
73%
LouisianaCity13,895Baker
73%
KentuckyCity15,273Newport
73%
MaineCity19,136Augusta
73%
New YorkCity195,976Yonkers
73%
DelawareCity31,454Newark
73%
KentuckyCity9,117Mount Washington
70%
CaliforniaCity209,924San Bernardino
70%
UtahCity18,761Washington
70%
CaliforniaCity347,483Bakersfield
70%
PennsylvaniaCity49,528Harrisburg
70%
North CarolinaCity79,066Concord
70%
CaliforniaCity122,067Concord
70%
AlabamaCity16,793Helena
70%
MissouriCity43,079Jefferson City
70%
South DakotaCity4,089Harrisburg
70%
MissouriCDP16,421Concord
70%
HawaiiCDP43,263Hilo
70%
MontanaCity28,190Helena
70%
New HampshireCity42,695Concord
70%
ArizonaCity439,041Mesa
70%
New JerseyCity39,558Atlantic City
67%
ConnecticutCDP8,416Riverside
67%
NevadaCDP8,964Dayton
67%
IndianaCity67,140Lafayette
67%
AlabamaCity21,897Athens
67%
IllinoisCity197,899Aurora
67%
PennsylvaniaCity305,704Pittsburgh
67%
ColoradoCity325,078Aurora
67%
LouisianaCity120,623Lafayette
67%
OhioCity141,527Dayton
67%
TennesseeCity13,458Athens
67%
FloridaCity165,521Fort Lauderdale
67%
CaliforniaCity303,871Riverside
67%
North CarolinaCity269,666Greensboro
67%
ArizonaCity65,870Flagstaff
67%
ColoradoCity24,453Lafayette
67%
NebraskaCity4,479Aurora
67%
GeorgiaUnified Government115,452Athens-Clarke County
67%
MarylandCity38,394Annapolis
67%
MissouriCity52,575St. Peters
64%
DelawareCity70,851Wilmington
64%
North CarolinaCity18,931Lexington
64%
WashingtonCity46,478Olympia
64%
MassachusettsCDP31,394Lexington
64%
NebraskaCity10,230Lexington
64%
ColoradoTown18,135Erie
64%
North CarolinaCity106,476Wilmington
64%
GeorgiaCity26,600Duluth
64%
South CarolinaTown17,870Lexington
64%
FloridaCity244,769St. Petersburg
64%
WashingtonCity198,397Tacoma
64%
MinnesotaCity86,265Duluth
64%
PennsylvaniaCity101,786Erie
64%
IowaCity126,326Cedar Rapids
61%
IndianaCity80,294Gary
61%
FloridaCity61,005Daytona Beach
61%
WisconsinCity104,057Green Bay
61%
NevadaCity216,961North Las Vegas
61%
ConnecticutCity129,779New Haven
61%
TexasCity84,246Allen
61%
TexasCity129,877McAllen
61%
ArkansasCity73,580Fayetteville
58%
IowaCity25,663Burlington
58%
KentuckyCity28,757Henderson
58%
NevadaCity257,729Henderson
58%
ArizonaCity93,064Yuma
58%
TexasCity236,091Laredo
58%
ColoradoCity97,385Boulder
58%
AlaskaCity3,598Nome
58%
KentuckyCity25,527Frankfort
58%
North CarolinaCity200,564Fayetteville
58%
UtahCity112,488Provo
58%
PennsylvaniaCity118,032Allentown
58%
VermontCity42,417Burlington
58%
KentuckyCDP15,926Burlington
58%
North CarolinaCity49,963Burlington
58%
DelawareCDP19,371Bear
58%
North CarolinaCity228,330Durham
55%
ConnecticutCity144,229Bridgeport
55%
WyomingCity55,316Casper
55%
CaliforniaCity291,707Stockton
55%
West VirginiaCity8,149Bridgeport
55%
New HampshireCDP10,345Durham
55%
CaliforniaCity462,257Long Beach
55%
VirginiaCity139,966Alexandria
55%
TexasCity229,573Lubbock
55%
LouisianaCity199,311Shreveport
55%
KentuckyCity8,477Alexandria
55%
New YorkCity62,235Utica
55%
New MexicoCity97,618Las Cruces
55%
TexasCity175,023Brownsville
55%
MississippiCity14,792Long Beach
55%
WashingtonCity161,791Vancouver
55%
LouisianaCity47,723Alexandria
55%
New YorkCity33,275Long Beach
55%
NebraskaCity24,210Norfolk
52%
New YorkCity50,193Niagara Falls
52%
MichiganCity113,934Ann Arbor
52%
LouisianaCity48,815Monroe
52%
MassachusettsCity105,162Cambridge
52%
ColoradoCity18,537Evans
52%
North CarolinaCity32,797Monroe
52%
AlaskaCity4,212Barrow
52%
VirginiaCity242,803Norfolk
52%
GeorgiaCDP29,011Evans
52%
VirginiaCity222,209Chesapeake
52%
MichiganCity102,434Flint
48%
IllinoisCity115,007Peoria
48%
IndianaCity101,168South Bend
48%
IowaCity82,684Sioux City
48%
AlabamaCity90,468Tuscaloosa
48%
GeorgiaCity88,346Roswell
48%
New MexicoCity48,366Roswell
48%
ColoradoCity143,986Fort Collins
48%
OregonCity156,185Eugene
48%
UtahCity72,897St. George
48%
ArizonaCity217,385Scottsdale
48%
FloridaCity154,305Cape Coral
48%
CaliforniaCity324,528Santa Ana
48%
PennsylvaniaTownship17,024Scott Township
48%
ArizonaCity154,065Peoria
48%
MississippiCity44,054Biloxi
48%
IowaCity99,685Davenport
45%
OklahomaCity16,810Ada
45%
TexasCity149,043Pasadena
45%
PennsylvaniaCity76,089Scranton
45%
PennsylvaniaCity43,718York
45%
GeorgiaCity36,303Rome
45%
VirginiaCity180,719Newport News
45%
AlabamaCity180,105Huntsville
45%
MaineCity33,039Bangor
45%
CaliforniaCity137,122Pasadena
45%
NebraskaCity7,766York
45%
New YorkCity33,725Rome
45%
Rhode IslandCDP8,658Greenville
42%
CaliforniaCity189,992Huntington Beach
42%
DelawareCDP2,326Greenville
42%
CaliforniaCity176,320Santa Clarita
42%
IndianaCity17,391Huntington
42%
KentuckyCity8,553Paris
42%
VirginiaCity97,032Roanoke
42%
South CarolinaCity58,409Greenville
42%
MississippiCity34,400Greenville
42%
New YorkCDP33,029Huntington Station
42%
North CarolinaCity84,554Greenville
42%
West VirginiaCity49,138Huntington
42%
CaliforniaCity136,416Orange
39%
GeorgiaCity91,351Macon
39%
KansasCity173,372Overland Park
39%
TexasCity111,147Midland
39%
MichiganCity41,863Midland
39%
ColoradoCity106,595Pueblo
39%
UtahCity82,825Ogden
39%
FloridaCity140,768Hollywood
39%
New JerseyTownship30,134City of Orange Township
39%
FloridaCity62,298Fort Myers
39%
FloridaCity87,779Miami Beach
39%
IllinoisCity152,871Rockford
39%
WyomingTown2,544Evansville
39%
MontanaCity66,788Missoula
39%
ConnecticutCDP13,956Orange
39%
IndianaCity117,429Evansville
39%
IllinoisCity40,633Quincy
36%
NebraskaCity50,137Bellevue
36%
OregonCity76,639Bend
36%
ArizonaCity226,721Glendale
36%
WyomingCity3,532Newcastle
36%
PennsylvaniaCity59,322Lancaster
36%
OhioCity38,780Lancaster
36%
MaineCDP3,570Camden
36%
South DakotaCity67,956Rapid City
36%
TexasCity124,805Waco
36%
IndianaCity18,114New Castle
36%
ArkansasCity12,183Camden
36%
ArkansasCity86,209Fort Smith
36%
New HampshireCDP1,725Lancaster
36%
FloridaCity164,603Port St. Lucie
36%
WashingtonCity122,363Bellevue
36%
DelawareTown3,464Camden
36%
MassachusettsCity92,271Quincy
36%
WashingtonCity92,411Kent
36%
New HampshireCity86,494Nashua
36%
IllinoisCity147,433Joliet
36%
CaliforniaCity201,165Modesto
36%
New JerseyCity77,344Camden
36%
PennsylvaniaCity23,273New Castle
36%
CaliforniaCity191,719Glendale
36%
CaliforniaCity156,633Lancaster
36%
CaliforniaCity163,924Ontario
36%
IdahoCity56,813Idaho Falls
36%
CaliforniaCity116,468Santa Clara
36%
DelawareCity5,285New Castle
36%
VermontVillage1,443Johnson
36%
MontanaCity37,280Bozeman
33%
New JerseyCity124,969Elizabeth
33%
MinnesotaCity70,576Plymouth
33%
IdahoCity23,800Moscow
33%
AlaskaCity and Borough8,881Sitka
33%
TennesseeCity62,487Franklin
33%
New HampshireCity8,477Franklin
33%
New YorkCity30,014Ithaca
33%
MassachusettsCity31,635Franklin Town
33%
ArkansasCity29,919Texarkana
33%
OklahomaCity98,850Broken Arrow
33%
ConnecticutCity122,643Stamford
33%
IndianaCity23,712Franklin
33%
KentuckyCity8,408Franklin
33%
MontanaCity4,348Hamilton
33%
MichiganTownship27,524Plymouth Township
33%
New HampshireCDP4,456Plymouth
33%
OhioCity62,477Hamilton
33%
OhioCity66,982Youngstown
33%
WisconsinCity35,451Franklin
33%
FloridaCity224,669Hialeah
33%
South DakotaCity3,057Canton
30%
VirginiaCity137,436Hampton
30%
IndianaCity46,001Lawrence
30%
Rhode IslandCity82,672Warwick
30%
WashingtonCity89,755Spokane Valley
30%
New HampshireCDP9,656Hampton
30%
MississippiCity13,189Canton
30%
IllinoisCity141,853Naperville
30%
MassachusettsCity76,377Lawrence
30%
North CarolinaCity83,393Asheville
30%
GeorgiaCity22,958Canton
30%
TennesseeCity132,929Clarksville
30%
KentuckyCity57,265Owensboro
30%
ConnecticutCity27,620New London
30%
ArizonaCity236,123Chandler
30%
KentuckyCity58,067Bowling Green
30%
KentuckyCity29,951Florence
30%
MassachusettsCity106,519Lowell
30%
ArizonaTown25,536Florence
30%
NevadaCDP223,167Paradise
30%
MontanaConsolidated Government33,525Butte-Silver Bow
30%
NevadaCity18,297Elko
30%
WashingtonCity91,067Yakima
30%
IdahoCity44,125Twin Falls
30%
IdahoCity54,255Pocatello
30%
South CarolinaCity37,056Florence
30%
TexasCity99,940Odessa
30%
MichiganCity134,056Warren
30%
AlabamaCity21,348Oxford
30%
KansasCity52,281Manhattan
30%
ArkansasCity7,327Lowell
30%
IowaCity67,862Iowa City
30%
KansasCity87,643Lawrence
30%
CaliforniaCity167,815Santa Rosa
30%
AlaskaCDP3,246Butte
30%
WyomingCDP3,072Warren AFB
30%
MississippiCity18,916Oxford
30%
OhioCity41,557Warren
30%
CaliforniaCity214,089Fremont
30%
CaliforniaCity212,375Irvine
30%
MichiganTownship90,173Canton Township
30%
ArkansasCity9,178Clarksville
30%
New YorkCity66,135Schenectady
30%
OhioCity73,007Canton
30%
NebraskaCity26,397Fremont
30%
OklahomaCity110,925Norman
30%
TennesseeCity108,755Murfreesboro
30%
MissouriCity76,780St. Joseph
30%
OhioCity30,028Bowling Green
30%
FloridaCity124,354Gainesville
30%
ColoradoCity58,566Grand Junction
30%
IndianaTown21,724Clarksville
30%
PennsylvaniaCity88,082Reading
30%
GeorgiaCity33,804Gainesville
30%
WisconsinCity99,218Kenosha
30%
New YorkCity47,376Binghamton
30%
AlabamaCity39,319Florence
30%
AlabamaCity20,756Selma
30%
ArizonaCity161,719Tempe
30%
IllinoisCity74,486Evanston
27%
MichiganCity80,980Troy
27%
AlabamaCity53,380Auburn
27%
IdahoCity44,137Coeur d'Alene
27%
AlaskaCity6,080Bethel
27%
AlaskaCity6,130Kodiak
27%
HawaiiCDP49,914East Honolulu
27%
MississippiCity67,793Gulfport
27%
WisconsinCity23,861Watertown
27%
MissouriCity116,830Independence
27%
South CarolinaCity27,109Myrtle Beach
27%
AlabamaCity18,033Troy
27%
South CarolinaCity26,686Anderson
27%
WyomingCity12,359Evanston
27%
South DakotaCity21,482Watertown
27%
MinnesotaCity21,086Farmington
27%
WyomingTown1,690Saratoga
27%
WisconsinCity65,883Eau Claire
27%
KentuckyCity24,757Independence
27%
TennesseeCity26,702Bristol
27%
New MexicoCity45,877Farmington
27%
FloridaCity76,068Melbourne
27%
IndianaCity56,129Anderson
27%
FloridaCity97,422Lakeland
27%
FloridaCity99,919West Palm Beach
27%
New HampshireCDP3,885Farmington
27%
New YorkCity50,129Troy
27%
FloridaCity107,685Clearwater
27%
FloridaCity121,096Coral Springs
27%
ArkansasCity12,943Harrison
27%
New HampshireCity10,051Berlin
27%
New HampshireCDP1,688Bristol
27%
MaineCDP4,288Farmington
27%
New JerseyCity146,199Paterson
27%
MaineCity23,055Auburn
27%
VirginiaCity43,055Danville
27%
DelawareTown6,422Georgetown
27%
IowaCity58,965Ames
27%
IowaCity57,637Dubuque
27%
CaliforniaCity197,899Oxnard
27%
North DakotaCity15,427Jamestown
27%
New HampshireCity20,779Portsmouth
27%
CaliforniaCity243,916Chula Vista
27%
ArizonaTown208,453Gilbert
27%
KentuckyCity29,098Georgetown
27%
ConnecticutCity60,477Bristol
27%
TennesseeCity12,430Lakeland
27%
KentuckyCity16,218Danville
27%
VermontCDP2,030Bristol
27%
MassachusettsCity31,915Watertown Town
27%
UtahCity18,275Farmington
27%
MississippiCity25,092Pearl
27%
New YorkCity31,146Jamestown
27%
West VirginiaCity28,486Wheeling
27%
West VirginiaCity29,660Morgantown
27%
IllinoisVillage37,648Wheeling
27%
NebraskaCity3,460Auburn
27%
KansasCity9,483Independence
27%
New YorkCity32,736Poughkeepsie
27%
ConnecticutCDP9,549Bethel
27%
WashingtonCity70,180Auburn
27%
VirginiaCity95,535Portsmouth
27%
OhioCity81,601Parma
24%
Rhode IslandCity41,186Woonsocket
24%
North DakotaCDP2,367Grand Forks AFB
24%
IdahoCity81,557Nampa
24%
North DakotaCity52,838Grand Forks
24%
New HampshireCDP1,733Winchester
24%
OhioCity52,131Lakewood
24%
NevadaCity90,264Sparks
24%
PennsylvaniaCity33,972Chester
24%
MichiganCity98,153Dearborn
24%
OregonCity74,907Medford
24%
OregonCity89,803Beaverton
24%
MassachusettsCity28,789Gloucester
24%
IllinoisCity76,610Bloomington
24%
IllinoisCity81,055Champaign
24%
MichiganCity63,131Taylor
24%
MassachusettsCity56,173Medford
24%
MichiganCity34,932Bay City
24%
OhioCity38,771Lima
24%
NevadaCDP27,978Winchester
24%
MontanaCity58,505Great Falls
24%
MarylandCDP39,262Essex
24%
IndianaCity80,405Bloomington
24%
KentuckyCity18,368Winchester
24%
MinnesotaCity82,893Bloomington
24%
MichiganCity129,699Sterling Heights
24%
New JerseyCDP53,805Lakewood
24%
PennsylvaniaCity74,982Bethlehem
24%
MarylandCity65,239Frederick
24%
VermontCDP1,005Chester
24%
ColoradoCity92,889Greeley
24%
VirginiaCity43,475Charlottesville
24%
TexasCity113,383Denton
24%
TexasCity96,900Tyler
24%
South CarolinaCDP11,431Parker
24%
VirginiaCity26,203Winchester
24%
ArizonaCity52,527Lake Havasu City
24%
FloridaCity84,392Boca Raton
24%
WashingtonCity58,163Lakewood
24%
ColoradoCity142,980Lakewood
24%
ColoradoCity118,772Thornton
24%
AlabamaCity81,619Hoover
24%
ColoradoTown45,297Parker
24%
MichiganTownship96,796Clinton Township
21%
OhioCity36,837Marion
21%
WashingtonCity31,731Walla Walla
21%
FloridaCity107,167Miami Gardens
21%
MassachusettsCity93,810Brockton
21%
IndianaCity29,948Marion
21%
MassachusettsCity90,329Lynn
21%
MassachusettsCity88,857Fall River
21%
IllinoisCity41,250Urbana
21%
OregonCity91,611Hillsboro
21%
MassachusettsCity44,737Pittsfield
21%
MassachusettsCity41,667Everett
21%
WisconsinCity66,083Oshkosh
21%
MarylandCDP35,970Clinton
21%
WisconsinCity78,860Racine
21%
IndianaCity79,191Carmel
21%
TexasCity259,841Plano
21%
ArizonaCity117,517Surprise
21%
OklahomaCity9,033Clinton
21%
West VirginiaCity6,432Princeton
21%
IndianaCity70,085Muncie
21%
IowaCity26,885Clinton
21%
TexasCity118,296Beaumont
21%
North DakotaCity40,888Minot
21%
ColoradoCity100,377Centennial
21%
VermontVillage1,763Waterbury
21%
North CarolinaTown135,234Cary
21%
ConnecticutCity110,366Waterbury
21%
CaliforniaCity126,683Thousand Oaks
21%
VermontCity17,904South Burlington
21%
CaliforniaCity143,911Escondido
21%
KansasCity6,844Abilene
21%
UtahCity20,426Clinton
21%
MaineCity36,592Lewiston
21%
New JerseyCity50,005Hoboken
21%
North DakotaCDP5,521Minot AFB
21%
TexasCity117,063Abilene
21%
North DakotaCity1,603Hillsboro
21%
KansasCity125,872Olathe
21%
New HampshireCDP1,576Pittsfield
21%
ArkansasCity12,345Marion
21%
ArkansasCDP12,807Hot Springs Village
21%
MaineCDP3,150Pittsfield
21%
WashingtonCity103,019Everett
21%
ArkansasCity35,193Hot Springs
21%
TexasCity93,857College Station
21%
WisconsinCity51,320La Crosse
21%
IowaCity34,768Marion
21%
MichiganCity74,262Kalamazoo
21%
Rhode IslandCDP6,974Kingston
21%
Rhode IslandCity47,037East Providence
21%
AlabamaCity55,683Decatur
21%
PennsylvaniaBorough42,034State College
21%
GeorgiaCity19,335Decatur
21%
WyomingCity30,816Laramie
21%
AlaskaCity7,831Wasilla
21%
IdahoCity31,894Lewiston
21%
MissouriCity65,794St. Charles
21%
AlaskaCity8,050Ketchikan
21%
South DakotaCity3,711Hot Springs
21%
AlaskaCDP12,964College
21%
PennsylvaniaCity41,498Wilkes-Barre
21%
Rhode IslandCity80,387Cranston
21%
MichiganCity33,051Holland
21%
MississippiCity34,546Tupelo
21%
Rhode IslandCity71,148Pawtucket
21%
South DakotaCity26,091Aberdeen
21%
MississippiCity25,216Clinton
21%
IllinoisCity76,122Decatur
21%
ArizonaCity20,837Nogales
18%
CaliforniaCity152,750Palmdale
18%
New MexicoTown5,716Taos
18%
MassachusettsCity95,072New Bedford
18%
FloridaCity122,041Miramar
18%
TexasCity119,097Carrollton
18%
New MexicoCity6,475Truth or Consequences
18%
New MexicoCDP12,019Los Alamos
18%
FloridaCity103,190Palm Bay
18%
CaliforniaCity152,374Corona
18%
OhioCity30,712Mason
18%
CaliforniaCity150,441Salinas
18%
PennsylvaniaCity46,320Altoona
18%
MissouriCity21,203Ferguson
18%
CaliforniaCity149,058Pomona
18%
FloridaCity154,750Pembroke Pines
18%
NevadaCity4,255Ely
18%
TexasCity116,989Frisco
18%
IowaCity15,254Newton
18%
VirginiaCDP27,822Sterling
18%
KansasCity47,707Salina
18%
IowaCity9,464Fairfield
18%
VirginiaCity22,565Fairfax
18%
UtahCity88,328Orem
18%
KansasCity27,340Dodge City
18%
ArkansasCity26,245West Memphis
18%
New JerseyTownship99,967Edison Township
18%
VirginiaCity37,821Manassas
18%
KansasCity19,132Newton
18%
IowaCity14,541Altoona
18%
UtahCity48,174Logan
18%
CaliforniaCity196,069Fontana
18%
IowaCity56,609West Des Moines
18%
New MexicoCity87,521Rio Rancho
18%
CaliforniaCity193,365Moreno Valley
18%
OhioCity42,510Fairfield
18%
OhioCity41,751Dublin
18%
MissouriCity91,364Lee's Summit
18%
CaliforniaCity167,086Oceanside
18%
MaineCity25,002South Portland
18%
CaliforniaCity165,269Rancho Cucamonga
18%
MissouriCity50,150Joplin
18%
MississippiCity8,034New Albany
18%
CaliforniaCity153,015Elk Grove
18%
ArkansasCity69,797Springdale
18%
ArkansasCity67,263Jonesboro
18%
West VirginiaCity31,492Parkersburg
18%
South CarolinaCity97,471North Charleston
18%
FloridaCity59,682Kissimmee
18%
AlabamaCity65,496Dothan
18%
New YorkVillage53,891Hempstead
18%
IndianaCity80,830Hammond
18%
ConnecticutCity80,893Danbury
18%
North CarolinaCity104,371High Point
18%
IdahoCity75,092Meridian
18%
VirginiaCity84,585Suffolk
18%
AlaskaCDP5,617Sterling
18%
New YorkCDP32,109Oceanside
18%
GeorgiaCity24,388Carrollton
18%
MassachusettsCity28,549Northampton
18%
ColoradoCity14,777Sterling
18%
MississippiCity41,148Meridian
18%
ColoradoCity18,867Golden
18%
New YorkCity29,200Elmira
18%
TexasCity216,290Irving
18%
LouisianaCity20,019Hammond
18%
WisconsinCity72,623Appleton
18%
IndianaCity36,372New Albany
18%
North CarolinaCity71,741Gastonia
18%
IllinoisCity58,364Des Plaines
18%
KentuckyCity25,024Paducah
18%
MassachusettsCity85,146Newton
18%
LouisianaCity71,993Lake Charles
18%
North CarolinaTown57,233Chapel Hill
18%
CaliforniaCDP126,496East Los Angeles
18%
MichiganCity52,347Battle Creek
18%
IndianaCity60,785Terre Haute
18%
DelawareTown10,023Smyrna
15%
New YorkCDP36,609Brighton
15%
ColoradoCity106,114Westminster
15%
MississippiCity15,792Natchez
15%
UtahCity129,480West Valley City
15%
UtahCity103,712West Jordan
15%
PennsylvaniaCDP14,925Fullerton
15%
New JerseyCity55,181New Brunswick
15%
MississippiCity21,705Brandon
15%
DelawareTown18,871Middletown
15%
VirginiaCity32,420Petersburg
15%
ColoradoCity66,859Loveland
15%
PennsylvaniaBorough15,289Hanover
15%
ColoradoCity33,352Brighton
15%
North CarolinaCity49,167Wilson
15%
New YorkCity28,086Middletown
15%
ConnecticutCDP12,942Greenwich
15%
UtahCity17,781Saratoga Springs
15%
KentuckyCity40,640Covington
15%
VermontCity16,495Rutland
15%
CaliforniaCity140,081Sunnyvale
15%
CaliforniaCity135,161Fullerton
15%
ConnecticutCity40,493Norwich
15%
New YorkCity77,062New Rochelle
15%
ConnecticutCity47,648Middletown
15%
North CarolinaCity33,662Salisbury
15%
New YorkCity67,292Mount Vernon
15%
New MexicoCity26,138Carlsbad
15%
ColoradoTown18,644Windsor
15%
New YorkCity56,853White Plains
15%
ConnecticutCity85,603Norwalk
15%
South CarolinaTown67,843Mount Pleasant
15%
ColoradoTown12,483Superior
15%
VermontCDP2,066Windsor
15%
CaliforniaCity118,788Roseville
15%
South CarolinaTown37,099Hilton Head Island
15%
CaliforniaCity145,438Torrance
15%
VermontCDP1,648Brandon
15%
VermontCDP878Norwich
15%
WyomingCDP1,482Wilson
15%
MichiganCity48,579East Lansing
15%
PennsylvaniaCity20,978Johnstown
15%
HawaiiCDP47,698Pearl City
15%
WashingtonCity31,743Mount Vernon
15%
FloridaCDP103,483Brandon
15%
ArizonaCity39,843Prescott
15%
IndianaCity29,698East Chicago
15%
WisconsinVillage26,197Mount Pleasant
15%
VirginiaCity24,286Fredericksburg
15%
OklahomaCity49,379Enid
15%
TexasCity175,396Grand Prairie
15%
IndianaCity45,468Kokomo
15%
South DakotaCity8,785Brandon
15%
MassachusettsCity39,502Beverly
15%
TexasCity226,876Garland
15%
GeorgiaCity93,853Sandy Springs
15%
GeorgiaCity56,579Marietta
15%
TexasCity127,921Killeen
15%
GeorgiaCity51,271Smyrna
15%
TennesseeCity11,473Martin
15%
IllinoisCity108,188Elgin
15%
IllinoisCity89,078Waukegan
15%
AlaskaCity2,948Petersburg
15%
TennesseeCity63,152Johnson City
15%
AlaskaCity4,376Unalaska
15%
OregonCity54,462Corvallis
15%
NebraskaCity48,520Grand Island
15%
MichiganCity47,299Roseville
15%
TennesseeTown39,974Smyrna
15%
WisconsinCity49,288Sheboygan
15%
IllinoisVillage64,784Skokie
15%
MarylandCity30,343Salisbury
15%
WisconsinCity27,244Superior
15%
ArkansasCity30,681Benton
15%
ArkansasCity49,083Pine Bluff
15%
MinnesotaCity33,660Roseville
15%
ArkansasCity35,301Bentonville
15%
MichiganCity51,508Saginaw
15%
OhioCity48,694Middletown
15%
ArkansasCity22,791Van Buren
15%
New HampshireCDP9,242Exeter
15%
IowaCity8,945Norwalk
15%
New HampshireCDP8,636Hanover
15%
TexasCity77,100Edinburg
15%
ArkansasCity62,304North Little Rock
15%
IdahoCity5,793Star
15%
IowaCity8,668Mount Pleasant
15%
TexasCity78,817Sugar Land
15%
NebraskaCity30,787Kearney
12%
MassachusettsCity35,744Braintree Town
12%
MassachusettsCity35,177Chelsea
12%
WyomingTown1,286Mountain View
12%
VirginiaTown42,616Leesburg
12%
WisconsinCity37,920Brookfield
12%
NebraskaCity24,733North Platte
12%
MichiganCity59,515Pontiac
12%
WyomingCity6,120Douglas
12%
CaliforniaCity115,942Vallejo
12%
MarylandCDP86,395Germantown
12%
MinnesotaCity30,598Andover
12%
West VirginiaCity4,110Weston
12%
MichiganCity96,942Livonia
12%
WyomingCity9,520Cody
12%
AlaskaCity7,100Kenai
12%
NebraskaCity15,039Scottsbluff
12%
ArkansasCity18,884El Dorado
12%
New HampshireCDP1,823Conway
12%
MichiganCity72,125Wyoming
12%
ColoradoCity106,433Arvada
12%
WisconsinCity70,718Waukesha
12%
MarylandCity39,662Hagerstown
12%
New JerseyTown40,684Kearny
12%
CaliforniaCity144,186Hayward
12%
VirginiaCity48,914Harrisonburg
12%
ArizonaCity17,378Douglas
12%
New MexicoCity30,403Alamogordo
12%
WyomingCity29,087Gillette
12%
MissouriCity37,941Cape Girardeau
12%
New MexicoCity21,678Gallup
12%
NevadaCity15,276Mesquite
12%
ArkansasCity58,908Conway
12%
ArkansasCity55,964Rogers
12%
ArizonaTown38,822Prescott Valley
12%
MissouriCity17,916Hannibal
12%
WisconsinVillage19,749Germantown
12%
MarylandCity59,933Gaithersburg
12%
MaineCDP15,175Brunswick
12%
MassachusettsCity39,880Holyoke
12%
MississippiCity48,982Southaven
12%
ArizonaCity43,482Maricopa
12%
MassachusettsCDP68,318Framingham
12%
MassachusettsCity55,874Taunton
12%
MississippiCity45,989Hattiesburg
12%
MassachusettsCity55,298Chicopee
12%
MarylandCity61,209Rockville
12%
MichiganCity27,692Garden City
12%
MassachusettsCity45,193Barnstable Town
12%
VirginiaTown42,620Blacksburg
12%
ArizonaCity65,275Goodyear
12%
CaliforniaCity124,442Visalia
12%
CaliforniaCity124,237Simi Valley
12%
WashingtonCity80,885Bellingham
12%
ArizonaCity76,238Avondale
12%
IdahoCity5,204Preston
12%
LouisianaCDP138,481Metairie
12%
TennesseeCity38,844Germantown
12%
TexasCity91,252Pearland
12%
FloridaCity65,333Weston
12%
GeorgiaCity57,551Alpharetta
12%
IllinoisCity39,018Rock Island
12%
OregonCity105,594Gresham
12%
KansasCity26,658Garden City
12%
OregonCity22,068Newberg
12%
FloridaCity84,439Sunrise
12%
ConnecticutCDP7,474Rockville
12%
KansasCity20,510Hays
12%
UtahCity50,418South Jordan
12%
TennesseeCity51,372Hendersonville
12%
IllinoisVillage75,101Arlington Heights
12%
KansasCity13,021El Dorado
12%
IllinoisTown83,891Cicero
12%
IndianaTown76,794Fishers
12%
OhioCity49,652Cuyahoga Falls
12%
South DakotaCity15,254Mitchell
12%
DelawareCity1,327Rehoboth Beach
12%
OhioCity34,255Brunswick
12%
FloridaCity99,845Pompano Beach
12%
OhioCity34,753Delaware
12%
TexasCity139,824Mesquite
12%
FloridaTown91,992Davie
12%
TexasCity131,117McKinney
12%
DelawareTown1,313Wyoming
12%
IowaCity68,406Waterloo
12%
IndianaCity44,953Jeffersonville
12%
IowaCity62,230Council Bluffs
12%
IowaCity45,582Ankeny
12%
IndianaCity31,479Michigan City
12%
IndianaCity31,730Valparaiso
12%
TexasCity99,887Round Rock
12%
OklahomaCity45,688Stillwater
12%
FloridaCity85,182Deltona
12%
KansasCity11,791Andover
12%
North DakotaCity25,830West Fargo
12%
North CarolinaCity40,010Hickory
12%
Rhode IslandCDP270Wyoming
12%
ConnecticutCDP51,252East Hartford
12%
IdahoCity10,972Garden City
12%
South CarolinaCity37,013Spartanburg
12%
IdahoCity19,908Eagle
12%
KentuckyCity28,531Elizabethtown
12%
North CarolinaCity57,477Rocky Mount
12%
PennsylvaniaCity26,800Easton
12%
VermontCDP9,074Bennington
12%
South CarolinaCity17,103Conway
12%
FloridaCDP75,371Kendall
9%
West VirginiaCity17,227Martinsburg
9%
ArizonaCity48,571Casa Grande
9%
AlabamaCity23,330Northport
9%
MississippiCity11,403Yazoo City
9%
MassachusettsCity51,251Peabody
9%
South CarolinaCity22,889Mauldin
9%
OklahomaCity19,051Bethany
9%
IndianaCity50,949Elkhart
9%
MassachusettsCity41,094Westfield
9%
MassachusettsCity40,759Leominster
9%
ArizonaCity43,888Sierra Vista
9%
FloridaCity77,648Largo
9%
FloridaCity60,512Homestead
9%
MassachusettsCDP58,732Brookline
9%
South DakotaCity22,056Brookings
9%
MassachusettsCity60,879Haverhill
9%
OklahomaCity96,867Lawton
9%
IndianaCity20,602Greenfield
9%
HawaiiCDP6,138Laie
9%
MarylandCity25,115Laurel
9%
WashingtonCity26,909SeaTac
9%
MississippiCity23,856Vicksburg
9%
IdahoCity46,237Caldwell
9%
South CarolinaCity66,154Rock Hill
9%
AlabamaCity36,856Gadsden
9%
OklahomaCity81,405Edmond
9%
WyomingCDP1,731South Park
9%
IndianaCity29,596West Lafayette
9%
MinnesotaCity22,172Hastings
9%
OklahomaCity55,081Moore
9%
AlabamaCity32,822Phenix City
9%
MississippiCity18,540Laurel
9%
AlabamaCity26,562Enterprise
9%
MassachusettsCity75,754Somerville
9%
MississippiCity12,513Brookhaven
9%
AlaskaCity2,117North Pole
9%
PennsylvaniaCity25,477Lebanon
9%
GeorgiaCity54,518Valdosta
9%
OklahomaCity8,929The Village
9%
WisconsinCity36,966Beloit
9%
AlabamaCity15,676Talladega
9%
PennsylvaniaCity29,381Williamsport
9%
MontanaCity6,718Laurel
9%
MissouriCity52,158Florissant
9%
MichiganCity38,401Muskegon
9%
WisconsinCity39,106Wausau
9%
MinnesotaCity47,941Edina
9%
MissouriCity47,484Chesterfield
9%
HawaiiCDP38,635Kailua
9%
MichiganCity29,999Burton
9%
OregonCity15,518Lebanon
9%
HawaiiCDP11,975Kailua
9%
WisconsinCity36,720Greenfield
9%
AlaskaCDP8,364Lakes
9%
South DakotaCity10,571Vermillion
9%
South DakotaCity12,592Huron
9%
South DakotaCity14,454Yankton
9%
WisconsinCity24,135Muskego
9%
AlabamaCity14,352Jasper
9%
AlabamaCity14,770Scottsboro
9%
WisconsinCity43,021Fond du Lac
9%
IllinoisVillage73,366Bolingbrook
9%
MinnesotaCity65,842St. Cloud
9%
WyomingCity23,036Rock Springs
9%
NebraskaCity24,907Hastings
9%
West VirginiaCDP5,171Brookhaven
9%
GeorgiaCity33,128Dalton
9%
IllinoisCity43,483Moline
9%
IllinoisCity43,862DeKalb
9%
TennesseeCity20,335Shelbyville
9%
AlaskaCity3,976Valdez
9%
TennesseeCity26,190Lebanon
9%
WyomingCity17,444Sheridan
9%
IllinoisTown52,497Normal
9%
MontanaCity3,505Hardin
9%
MichiganTownship73,804Shelby Township
9%
OregonCity26,215Redmond
9%
South CarolinaCity13,905Clemson
9%
AlaskaCity5,003Homer
9%
OregonCDP20,646Bethany
9%
MissouriCity79,329O'Fallon
9%
TennesseeCity48,205Kingsport
9%
WashingtonCity36,648Longview
9%
OregonCity20,078Ashland
9%
MontanaCity3,376Shelby
9%
IndianaCity19,191Shelbyville
9%
IndianaTown30,068Westfield
9%
UtahCity36,884Roy
9%
MaineCDP7,794Winslow
9%
New JerseyCity69,781Passaic
9%
OhioCity54,533Elyria
9%
IowaCity11,233Spencer
9%
ConnecticutCity73,206New Britain
9%
ConnecticutCDP63,268West Hartford
9%
New JerseyTown30,316Westfield
9%
MarylandCDP71,452Silver Spring
9%
ConnecticutCity55,564West Haven
9%
KentuckyCity21,684Ashland
9%
IowaCity10,103Carroll
9%
DelawareCity3,562Harrington
9%
DelawareTown3,708Laurel
9%
ConnecticutCity51,271Milford
9%
North CarolinaCity20,323Shelby
9%
MaineCDP9,761Sanford
9%
VermontVillage9,271Essex Junction
9%
ConnecticutCDP26,391Westport
9%
TexasCity80,455Longview
9%
UtahCity10,272West Haven
9%
KansasCity20,525Liberal
9%
DelawareCity9,559Milford
9%
TexasCity66,102Temple
9%
KansasCity8,172Wellington
9%
ArkansasCity10,095Hope
9%
New JerseyCity60,724Vineland
9%
New MexicoTown10,315Silver City
9%
MaineCDP5,869Yarmouth
9%
North CarolinaCity36,437Goldsboro
9%
New JerseyCity63,024Bayonne
9%
MaineCity9,692Presque Isle
9%
New MexicoCity34,122Hobbs
9%
IowaCity12,661Boone
9%
ColoradoCity19,132Montrose
9%
NevadaCDP178,395Spring Valley
9%
NevadaCDP108,481Enterprise
9%
VirginiaCity75,568Lynchburg
9%
MarylandCity30,413College Park
9%
CaliforniaCity170,883Garden Grove
9%
WashingtonCity48,787Kirkland
9%
WashingtonCity54,144Redmond
9%
New YorkVillage31,347Spring Valley
9%
WashingtonCity60,020Marysville
9%
LouisianaCity33,727Houma
9%
New MexicoCity37,775Clovis
9%
WashingtonCity89,306Federal Way
9%
North CarolinaCity28,094Sanford
9%
IowaCity39,260Cedar Falls
9%
UtahCity47,407Lehi
9%
New HampshireCDP8,835Milford
9%
New YorkCDP51,692Irondequoit
9%
OhioCity47,821Mansfield
9%
KentuckyCity14,045Shelbyville
9%
New JerseyCity64,270East Orange
9%
VirginiaCDP48,115McLean
9%
KentuckyCDP10,124Fort Knox
9%
OhioCity41,202Findlay
9%
KansasCity12,649Ottawa
9%
New HampshireCity13,151Lebanon
9%
South DakotaCity6,627Sturgis
6%
WisconsinVillage17,399Howard
6%
North CarolinaCity24,532Statesville
6%
MissouriCity21,387Sedalia
6%
North CarolinaCity29,524New Bern
6%
North CarolinaCity25,012Asheboro
6%
WisconsinCity25,260Fitchburg
6%
WisconsinCity31,078West Bend
6%
UtahCity26,263American Fork
6%
North CarolinaTown32,711Mooresville
6%
North CarolinaTown30,117Wake Forest
6%
MissouriCity18,838Warrensburg
6%
NevadaCDP189,372Sunrise Manor
6%
MissouriCity29,149Liberty
6%
PennsylvaniaBorough18,682Carlisle
6%
VirginiaCDP71,135Centreville
6%
MississippiCity23,888Starkville
6%
Rhode IslandCDP1,605Harrisville
6%
New YorkCity31,568North Tonawanda
6%
Rhode IslandCDP985Harmony
6%
VermontVillage818Orleans
6%
New YorkVillage42,860Freeport
6%
WyomingCDP1,308Sleepy Hollow
6%
MississippiCity22,392Pascagoula
6%
South CarolinaCity25,515Greer
6%
VermontCDP1,861Milton
6%
MississippiCity17,962Clarksdale
6%
PennsylvaniaBorough18,461West Chester
6%
MississippiCity14,573Corinth
6%
South CarolinaCity12,361Beaufort
6%
New YorkCDP58,144Tonawanda
6%
MississippiCity10,683Indianola
6%
PennsylvaniaCDP19,936King of Prussia
6%
VermontCity6,918St. Albans
6%
North CarolinaTown46,773Huntersville
6%
New MexicoCity5,363Tucumcari
6%
North CarolinaCity42,625Kannapolis
6%
New MexicoCity6,763Aztec
6%
PennsylvaniaMunicipality28,386Monroeville
6%
New MexicoCity6,885Raton
6%
New MexicoCity9,182Grants
6%
MissouriCity17,820Ozark
6%
South CarolinaCity13,752North Myrtle Beach
6%
WyomingCity12,515Green River
6%
New JerseyCity49,808Plainfield
6%
UtahCity46,746Murray
6%
TexasCity95,290Lewisville
6%
New HampshireCDP3,103Peterborough
6%
New HampshireCDP4,412Littleton
6%
NebraskaCity13,353South Sioux City
6%
OhioCity64,097Lorain
6%
West VirginiaCity18,704Fairmont
6%
TexasCity93,200San Angelo
6%
TexasCDP93,847The Woodlands
6%
West VirginiaCity19,746Weirton
6%
OklahomaCity22,709Yukon
6%
OklahomaCity29,857Shawnee
6%
NebraskaCity6,964Seward
6%
NebraskaCity5,660Wayne
6%
OklahomaCity39,223Muskogee
6%
OhioCity45,193Beavercreek
6%
West VirginiaCity10,749Vienna
6%
TexasCity99,223Richardson
6%
NebraskaCity3,559Broken Bow
6%
New HampshireCDP11,037Londonderry
6%
New HampshireCDP22,015Derry
6%
OhioCity38,101Huber Heights
6%
VirginiaCDP58,404Reston
6%
WashingtonCity73,917Kennewick
6%
WashingtonCity59,781Pasco
6%
NevadaCity15,023Boulder City
6%
WashingtonCDP23,491Graham
6%
WashingtonCity29,799Pullman
6%
NebraskaCity2,934Central City
6%
WashingtonCity48,058Richland
6%
WashingtonCity31,925Wenatchee
6%
West VirginiaCity11,044St. Albans
6%
New HampshireCDP1,976Hillsborough
6%
South DakotaCity3,124Lead
6%
MontanaCity2,570Conrad
6%
South DakotaCity2,111Lennox
6%
North CarolinaVillage18,627Clemmons
6%
South DakotaCity2,067Custer
6%
MontanaCity19,927Kalispell
6%
WisconsinCity39,584New Berlin
6%
MontanaConsolidated Government9,298Anaconda-Deer Lodge County
6%
New JerseyCity28,400Millville
6%
UtahCity67,311Layton
6%
WashingtonCity37,729Bremerton
6%
MontanaCity3,250Glasgow
6%
New JerseyCity50,814Perth Amboy
6%
MontanaCDP2,669Lakeside
6%
New JerseyTownship54,717Wayne Township
6%
OregonCity31,859Oregon City
6%
TexasCity83,560League City
6%
North DakotaCity14,716Williston
6%
WisconsinCity60,411West Allis
6%
OregonCity34,533Grants Pass
6%
WisconsinCity63,575Janesville
6%
OregonCity36,619Lake Oswego
6%
VirginiaCDP36,348Mechanicsville
6%
VirginiaCDP34,166Oakton
6%
North DakotaCity1,925New Town
6%
TexasCity67,358Missouri City
6%
TennesseeCity11,651Red Bank
6%
North DakotaCity1,458Stanley
6%
TexasCity76,201Bryan
6%
TexasCity77,058Mission
6%
VirginiaCity23,746Staunton
6%
New YorkCDP33,198Elmont
6%
IllinoisVillage56,690Oak Lawn
6%
ArkansasCity10,714Arkadelphia
6%
LouisianaCity27,068Slidell
6%
ArizonaCDP81,321San Tan Valley
6%
LouisianaCity66,702Kenner
6%
ArizonaTown50,876Buckeye
6%
LouisianaCity61,315Bossier City
6%
FloridaCity75,180Palm Coast
6%
ArizonaTown41,011Oro Valley
6%
IndianaTown27,631Plainfield
6%
ArizonaCity35,840Apache Junction
6%
IndianaCDP30,465Granger
6%
ArizonaTown34,961Marana
6%
MichiganCity46,292Portage
6%
IndianaCity31,719Goshen
6%
IndianaCity36,828Portage
6%
ConnecticutCDP51,384Stratford
6%
MichiganCity30,184Port Huron
6%
LouisianaCity26,864Central
6%
ArizonaCity28,068Kingman
6%
FloridaCity58,786North Miami
6%
GeorgiaCity76,728Johns Creek
6%
LouisianaCity18,323Natchitoches
6%
AlabamaCity14,907Ozark
6%
GeorgiaCity66,588Warner Robins
6%
ArizonaTown26,361Queen Creek
6%
LouisianaCity14,960Zachary
6%
IllinoisVillage39,581Plainfield
6%
GeorgiaCity32,661Milton
6%
MinnesotaCity60,797Eden Prairie
6%
IowaCity39,463Urbandale
6%
IowaCity27,552Marshalltown
6%
MarylandCDP60,858Bethesda
6%
MassachusettsCity38,499Marlborough
6%
MassachusettsCity59,450Malden
6%
MassachusettsCity53,743Weymouth Town
6%
MassachusettsCity60,632Waltham
6%
MassachusettsCity51,755Revere
6%
KansasCity9,323Mission
6%
AlaskaCity2,329Dillingham
6%
ConnecticutCDP20,732Darien
6%
MassachusettsCity47,255Methuen Town
6%
MassachusettsCity43,593Attleboro
6%
AlaskaCity2,693Seward
6%
MassachusettsCity40,318Fitchburg
6%
MaineCity6,668Belfast
6%
KentuckyCity31,577Hopkinsville
6%
DelawareTown1,597Delmar
6%
KansasCity62,209Shawnee
6%
DelawareCDP14,303Glasgow
6%
KentuckyCity17,741Murray
6%
DelawareCity6,928Seaford
6%
MichiganCity71,739Southfield
6%
ConnecticutCDP29,257East Haven
6%
DelawareCity2,747Lewes
6%
DelawareTown2,576Milton
6%
KentuckyCity14,028Glasgow
6%
IowaCity9,826Le Mars
6%
DelawareTown1,882Ocean View
6%
KentuckyCity11,196Somerset
6%
IowaCity14,782Indianola
6%
ColoradoCDP24,280Columbine
6%
MichiganCity29,319Oak Park
6%
MinnesotaCity38,065Moorhead
6%
MaineCDP5,214Kennebunk
6%
AlabamaCity23,106Anniston
6%
ArizonaCity16,631Eloy
6%
IllinoisVillage74,227Schaumburg
6%
ArizonaCDP18,962Rio Rico
6%
AlabamaCity27,456Bessemer
6%
IllinoisVillage68,557Palatine
6%
MaineCDP2,748Norway
6%
MaineCity8,189Caribou
6%
MinnesotaCity49,734Minnetonka
6%
IdahoCity3,112Salmon
6%
MarylandCDP67,752Waldorf
6%
AlabamaCity21,570Daphne
6%
IllinoisVillage51,878Oak Park
6%
AlabamaCity34,033Vestavia Hills
6%
IdahoCity4,684Fruitland
6%
ColoradoCity41,737Littleton
6%
IdahoCity25,484Rexburg
6%
KentuckyCity28,015Nicholasville
3%
KentuckyCity19,591Madisonville
3%
VermontCity7,267Winooski
3%
ArkansasCity9,326Stuttgart
3%
New JerseyBorough26,342Paramus
3%
UtahCity11,362Heber
3%
OregonCity20,840Klamath Falls
3%
ConnecticutCDP24,093North Haven
3%
New JerseyTownship29,366Livingston Township
3%
ArkansasCity10,248Batesville
3%
VermontCity9,052Barre
3%
New JerseyCity27,147Englewood
3%
New JerseyBorough26,764Bergenfield
3%
New JerseyTownship28,370Nutley Township
3%
New JerseyTownship35,790Ewing Township
3%
New JerseyBorough35,345Fort Lee
3%
New JerseyCity30,719Long Branch
3%
ArkansasCity9,467Monticello
3%
VermontCDP7,414Brattleboro
3%
New MexicoCDP8,295Shiprock
3%
MaineCity8,514Bath
3%
New JerseyTownship47,512East Brunswick Township
3%
MaineCity7,297Rockland
3%
MaineCity7,840Old Town
3%
UtahCity21,785Herriman
3%
North CarolinaTown24,661Holly Springs
3%
North CarolinaCity26,757Thomasville
3%
New JerseyTown49,708West New York
3%
UtahCity18,294Payson
3%
KansasCity10,500Parsons
3%
ConnecticutCity19,249Ansonia
3%
New JerseyTownship46,207West Orange Township
3%
UtahCity13,748Hurricane
3%
New JerseyCity43,010Hackensack
3%
UtahCity17,357North Ogden
3%
UtahCity16,322North Salt Lake
3%
New JerseyTownship40,742North Brunswick Township
3%
North CarolinaTown37,476Apex
3%
UtahCity15,523Highland
3%
New JerseyTownship39,776Teaneck Township
3%
ConnecticutCity39,559Shelton
3%
KansasCity6,835Pratt
3%
New YorkCDP27,745Deer Park
3%
MaineCity18,482Saco
3%
VermontCDP6,588Middlebury
3%
ColoradoCity55,889Broomfield
3%
LouisianaCDP26,895Prairieville
3%
New MexicoCity12,280Portales
3%
UtahCity23,617South Salt Lake
3%
New YorkCDP51,881Levittown
3%
LouisianaCity21,859Ruston
3%
ColoradoCity13,925Greenwood Village
3%
New YorkCDP60,664Brentwood
3%
New MexicoCDP11,333North Valley
3%
New MexicoCity11,301Artesia
3%
ColoradoTown48,231Castle Rock
3%
New MexicoVillage14,835Los Lunas
3%
New YorkCDP75,178Cheektowaga
3%
LouisianaCity14,555Pineville
3%
VermontVillage1,329Jericho
3%
VermontCDP1,162Williamstown
3%
ColoradoCity16,887Durango
3%
ColoradoCity45,913Commerce City
3%
ColoradoCDP19,889Clifton
3%
New MexicoCity9,051Socorro
3%
ColoradoCity25,846Fountain
3%
ColoradoCity30,255Englewood
3%
ColoradoCity86,270Longmont
3%
New YorkCDP44,711West Seneca
3%
VirginiaCDP41,008Annandale
3%
MaineCity21,277Biddeford
3%
VermontCDP6,193St. Johnsbury
3%
New YorkCity28,866Newburgh
3%
New JerseyCity25,349Bridgeton
3%
New YorkVillage28,967Port Chester
3%
MaineCity15,722Waterville
3%
New MexicoCity8,112Bloomfield
3%
ConnecticutCity60,868Meriden
3%
KentuckyCity10,024Mayfield
3%
KentuckyCity9,011Maysville
3%
KentuckyCity8,451Elsmere
3%
ArkansasCity8,952Greenwood
3%
New MexicoCity14,855Deming
3%
LouisianaCity11,560Mandeville
3%
VirginiaCDP43,511Ashburn
3%
VirginiaCDP44,990Tuckahoe
3%
New YorkCDP33,559New City
3%
VermontVillage2,101Northfield
3%
LouisianaCity30,617New Iberia
3%
New YorkVillage37,511Valley Stream
3%
ColoradoCity12,646Fruita
3%
VermontCDP1,974Randolph
3%
VermontVillage1,958Morrisville
3%
North CarolinaTown23,123Kernersville
3%
MississippiCity24,047Ridgeland
3%
North CarolinaCity21,677Kinston
3%
IllinoisVillage47,833Downers Grove
3%
South DakotaCity1,886Webster
3%
South DakotaCity1,814Summerset
3%
OregonCDP15,947Four Corners
3%
OregonCity15,967Coos Bay
3%
South DakotaCity1,566Wagner
3%
GeorgiaCity19,731Cartersville
3%
IllinoisVillage56,767Orland Park
3%
MississippiCity26,066Horn Lake
3%
TennesseeCity54,613Bartlett
3%
GeorgiaCDP27,581Tucker
3%
TennesseeTown43,965Collierville
3%
IllinoisVillage54,167Mount Prospect
3%
TennesseeCity37,060Brentwood
3%
TennesseeCity30,435Cookeville
3%
OregonCity13,082La Grande
3%
IllinoisCity44,478Belleville
3%
IllinoisCity44,121Elmhurst
3%
TennesseeCity30,278Gallatin
3%
IllinoisVillage41,208Bartlett
3%
TennesseeCity29,137Morristown
3%
TennesseeCity29,036Spring Hill
3%
TennesseeCity27,465Maryville
3%
GeorgiaCity33,437Hinesville
3%
TennesseeCity14,807Sevierville
3%
TennesseeCity14,176Elizabethton
3%
OklahomaCity12,051Woodward
3%
GeorgiaCity33,712East Point
3%
TennesseeCity11,100Lewisburg
3%
OregonCity13,620The Dalles
3%
OregonCity12,883St. Helens
3%
IndianaCity51,969Noblesville
3%
South DakotaCity7,800Box Elder
3%
South CarolinaCity40,524Sumter
3%
South CarolinaCity29,524Aiken
3%
South CarolinaCity23,222Greenwood
3%
South CarolinaCDP21,617Taylors
3%
HawaiiCDP6,455Lihue
3%
Rhode IslandCDP300Clayville
3%
South CarolinaCDP20,493St. Andrews
3%
Rhode IslandCDP970Carolina
3%
Rhode IslandCDP1,406Bradford
3%
HawaiiCDP9,517Kaneohe Station
3%
HawaiiCDP11,704Lahaina
3%
South DakotaCity10,494Spearfish
3%
IdahoCity7,433Payette
3%
South DakotaCity5,594Belle Fourche
3%
PennsylvaniaCDP52,983Levittown
3%
PennsylvaniaBorough20,268Chambersburg
3%
South DakotaCity3,806Tea
3%
PennsylvaniaBorough22,377Pottstown
3%
South DakotaCity3,465Mobridge
3%
PennsylvaniaCity25,340Hazleton
3%
IdahoCity5,507Weiser
3%
HawaiiCDP26,337Kahului
3%
PennsylvaniaMunicipality32,313Bethel Park
3%
PennsylvaniaBorough34,324Norristown
3%
HawaiiCDP34,597Kaneohe
3%
South DakotaCity2,530North Sioux City
3%
South DakotaCity2,387Chamberlain
3%
IdahoCity3,264Kimberly
3%
TennesseeCDP10,919Seymour
3%
OklahomaCity21,332Del City
3%
North CarolinaCity21,542Lumberton
3%
UtahCity42,552Bountiful
3%
OhioCity48,920Euclid
3%
IowaCity11,463Oskaloosa
3%
OhioCity56,163Kettering
3%
DelawareCDP2,456Riverview
3%
DelawareTown6,131Elsmere
3%
TexasCity70,400Pharr
3%
UtahCity58,652Taylorsville
3%
KansasCity48,190Lenexa
3%
North DakotaCity2,065Carrington
3%
ConnecticutCDP8,577Thompsonville
3%
North DakotaCity2,154Lisbon
3%
ConnecticutCDP9,047Oakville
3%
KansasCity42,080Hutchinson
3%
UtahCity38,753Riverton
3%
IowaCity17,278Johnston
3%
UtahCity34,691Spanish Fork
3%
UtahCity33,509Pleasant Grove
3%
North DakotaCity7,766Wahpeton
3%
KansasCity23,353Junction City
3%
North DakotaCity17,787Dickinson
3%
UtahCity30,112Clearfield
3%
UtahCity29,466Springville
3%
UtahCity28,857Cedar City
3%
KansasCity13,155McPherson
3%
North CarolinaCity18,228Lenoir
3%
North CarolinaTown18,576Morrisville
3%
North CarolinaCity18,683Elizabeth City
3%
North CarolinaTown19,582Carrboro
3%
DelawareCity1,695Delaware City
3%
OhioCity47,159Mentor
3%
IndianaCity49,791Greenwood
3%
FloridaCDP71,050Riverview
3%
OklahomaCity24,283Ardmore
3%
FloridaCity60,427Tamarac
3%
FloridaCity60,522Delray Beach
3%
IndianaCity48,252Mishawaka
3%
FloridaCity66,887Lauderhill
3%
IndianaTown35,246Merrillville
3%
OklahomaCity54,371Midwest City
3%
IndianaTown29,243Schererville
3%
IndianaCity29,059Hobart
3%
IndianaCity27,317Crown Point
3%
IndianaTown23,727Highland
3%
IndianaTown23,603Munster
3%
FloridaCity68,217Boynton Beach
3%
IndianaCity22,053La Porte
3%
OhioCity46,121Cleveland Heights
3%
FloridaCity75,018Deerfield Beach
3%
IndianaTown21,285Brownsburg
3%
FloridaCDP78,442Town 'n' Country
3%
FloridaCity84,955Plantation
3%
FloridaCDP86,784Lehigh Acres
3%
FloridaCDP98,621Spring Hill
3%
IndianaCity18,423Vincennes
3%
IndianaCity18,396Logansport
3%
OhioCity34,837Stow
3%
IndianaCity17,503Seymour
3%
IowaCity33,217Bettendorf
3%
IowaCity28,079Mason City
3%
IowaCity25,206Fort Dodge
3%
IowaCity25,023Ottumwa
3%
KansasCity35,251Leavenworth
3%
South CarolinaCity35,938Goose Creek
3%
WisconsinVillage19,719Pleasant Prairie
3%
MississippiCity10,878Picayune
3%
MississippiCity8,165Senatobia
3%
MassachusettsCDP32,112Randolph
3%
NevadaCDP8,544Cold Springs
3%
NevadaCity7,396Winnemucca
3%
West VirginiaCity13,450South Charleston
3%
MassachusettsCDP28,602Norwood
3%
MississippiCity8,743Booneville
3%
MississippiCity9,260Bay St. Louis
3%
MinnesotaCity61,476Coon Rapids
3%
WyomingTown2,360Lovell
3%
West VirginiaCity17,614Beckley
3%
ArizonaCDP50,796Catalina Foothills
3%
ArizonaCity39,540Bullhead City
3%
ArizonaCDP37,499Sun City
3%
MississippiCity11,307West Point
3%
MississippiCity7,823Flowood
3%
MississippiCity13,092Grenada
3%
AlaskaCity5,937Palmer
3%
WashingtonCDP35,803Parkland
3%
MichiganCity70,995Rochester Hills
3%
ArizonaCDP26,265Fortuna Foothills
3%
MichiganTownship71,707Waterford Township
3%
MichiganCity79,740Farmington Hills
3%
ArizonaCDP27,749Drexel Heights
3%
NevadaCDP2,478Tonopah
3%
MarylandCDP37,879Woodlawn
3%
WisconsinCity46,396Wauwatosa
3%
WashingtonCity30,434Issaquah
3%
ArizonaCity31,797El Mirage
3%
WyomingCity10,615Riverton
3%
MassachusettsCity28,391West Springfield Town
3%
West VirginiaCity10,447Bluefield
3%
WyomingCity7,487Lander
3%
MississippiCity14,090Hernando
3%
NebraskaCity3,364West Point
3%
MissouriCity29,526Raytown
3%
MinnesotaCity38,018Maplewood
3%
AlaskaCity2,239Cordova
3%
MissouriCity52,575Blue Springs
3%
MinnesotaCity39,309Mankato
3%
MissouriCity35,371University City
3%
MissouriCity35,517Wildwood
3%
NebraskaCity7,289Nebraska City
3%
West VirginiaCity3,830Lewisburg
3%
West VirginiaTown3,572Summersville
3%
MissouriCDP36,143Oakville
3%
NebraskaCity4,737Ogallala
3%
NebraskaCity4,325Falls City
3%
MinnesotaCity57,186Blaine
3%
AlaskaCity and Borough2,369Wrangell
3%
MinnesotaCity35,228Richfield
3%
AlaskaCDP2,022Ridgeway
3%
West VirginiaCity7,178Nitro
3%
MarylandCDP30,734Parkville
3%
MissouriCity25,410Gladstone
3%
WyomingCity6,314Powell
3%
MontanaCity5,901Lewistown
3%
NevadaCity19,368Fernley
3%
AlaskaCity3,201Kotzebue
3%
MississippiCity7,699Holly Springs
3%
West VirginiaCity5,259Charles Town
3%
MinnesotaCity27,378Oakdale
3%
AlaskaCDP2,102Willow
3%
West VirginiaCity6,284Hurricane
3%
MissouriCity29,070Wentzville
3%
MinnesotaCity27,592Winona
3%
MarylandCDP27,348Crofton
3%
VirginiaCDP24,922Cave Spring
3%
MarylandCDP43,828North Bethesda
3%
West VirginiaCity3,252Ripley
3%
New HampshireCDP2,275Hampton Beach
3%
MontanaCity9,310Havre
3%
MichiganTownship41,070Bloomfield Township
3%
WisconsinCity25,501Neenah
3%
MichiganCity57,236Royal Oak
3%
ArkansasCity27,920Russellville
3%
MinnesotaCity23,089Champlin
3%
WashingtonCity90,927Renton
3%
MississippiCity15,205Greenwood
3%
MontanaCity8,410Miles City
3%
MichiganCity57,774Dearborn Heights
3%
MontanaCDP3,146Four Corners
3%
MichiganCity30,047Southgate
3%
ArizonaCDP14,797Sierra Vista Southeast
3%
ArizonaTown15,301Payson
3%
ArizonaCDP16,419Flowing Wells
3%
ArizonaCDP16,901Tanque Verde
3%
AlabamaCity13,146Muscle Shoals
3%
ArkansasCity16,688Bryant
3%
VirginiaCDP22,460West Springfield
3%
WisconsinCity16,264Menomonie
3%
New JerseyCity84,136Clifton
3%
New JerseyTownship56,642Union Township
3%
MississippiCity33,484Olive Branch
3%
AlabamaCity33,960Prattville
3%
MontanaCity6,357Whitefish
3%
WisconsinCity18,367Wisconsin Rapids
3%
MontanaCity7,044Livingston
3%
MontanaCity7,389Belgrade
3%
MaineCDP4,562Kittery
3%
ArkansasCity15,371Forrest City
3%
New JerseyCDP88,791Toms River
3%
VirginiaTown23,292Herndon
3%
VirginiaCDP23,039Chantilly
3%
MontanaCity4,134Dillon
3%
WisconsinVillage24,705Caledonia
3%
MaineCDP4,343Hampden
3%
MichiganCity55,224Novi
3%
VirginiaCity22,591Hopewell
3%
ArizonaCDP21,391Green Valley
3%
ArizonaCDP14,952New River
3%
MontanaCDP2,715Montana City
3%
ArizonaTown22,489Fountain Hills
3%
ArizonaCity25,505San Luis
3%
MinnesotaCity61,567Maple Grove
3%
AlabamaCity26,477Opelika
3%
MinnesotaCity61,961Woodbury
3%
MarylandCity54,727Bowie
3%
MinnesotaCity75,781Brooklyn Park
3%
MissouriCity17,505Kirksville
3%
WisconsinCity15,759Oconomowoc
3%
WisconsinCity33,736Manitowoc
3%
New HampshireCDP7,336Hudson
3%
ArizonaCDP24,535Sun City West
3%
WisconsinVillage35,626Menomonee Falls
3%
MarylandCDP67,639Glen Burnie
3%
WisconsinCity17,353Menasha
0%
GeorgiaCity28,546Lawrenceville
0%
WyomingCity5,487Worland
0%
TennesseeTown20,676Farragut
0%
AlabamaCity14,875Alexander City
0%
AlabamaCity16,105Hueytown
0%
TennesseeCity12,714Soddy-Daisy
0%
TennesseeCDP12,684Middle Valley
0%
WisconsinCity17,736Onalaska
0%
GeorgiaCity29,783Kennesaw
0%
GeorgiaCity29,588LaGrange
0%
GeorgiaCity34,364Peachtree City
0%
GeorgiaCity30,961Douglasville
0%
WisconsinCity18,267Cudahy
0%
GeorgiaCDP35,795Martinez
0%
GeorgiaCDP33,015Redan
0%
GeorgiaCDP37,115Mableton
0%
GeorgiaCity28,422Statesboro
0%
WisconsinCity19,118Marshfield
0%
WisconsinVillage16,963Ashwaubenon
0%
AlabamaCity20,413Mountain Brook
0%
GeorgiaCDP40,456North Atlanta
0%
TennesseeCity23,671Mount Juliet
0%
TennesseeCity13,605McMinnville
0%
GeorgiaCity33,039Newnan
0%
TennesseeCity17,145Dyersburg
0%
AlabamaCity21,352Pelham
0%
WyomingCity9,259Rawlins
0%
FloridaCDP60,076Pine Hills
0%
TennesseeCity18,655Tullahoma
0%
AlabamaCity15,326Fairhope
0%
TennesseeCity15,921Goodlettsville
0%
AlabamaCity21,160Albertville
0%
TennesseeTown15,062Greeneville
0%
TennesseeCity29,330Oak Ridge
0%
WyomingCity6,501Torrington
0%
AlabamaCity19,933Trussville
0%
WisconsinCity16,214Beaver Dam
0%
TennesseeCity32,588La Vergne
0%
AlabamaCity14,640Millbrook
0%
AlabamaCity14,775Cullman
0%
WyomingCDP5,798Ranchettes
0%
TennesseeCity14,538Dickson
0%
TennesseeCity20,979East Ridge
0%
AlabamaCDP17,398Tillmans Corner
0%
AlabamaCity16,921Center Point
0%
FloridaCDP59,764Fountainebleau
0%
GeorgiaCity25,636Stockbridge
0%
WisconsinCity17,442Middleton
0%
GeorgiaCity46,267Dunwoody
0%
ArkansasCity11,577Magnolia
0%
GeorgiaCity23,896Woodstock
0%
South CarolinaTown10,678Port Royal
0%
HawaiiCDP10,699Kapaa
0%
South CarolinaCDP13,223Red Hill
0%
South CarolinaTown12,530Bluffton
0%
South CarolinaCity12,528Cayce
0%
South CarolinaCity12,414Gaffney
0%
HawaiiCDP11,404Hawaiian Paradise Park
0%
HawaiiCDP11,674Waipio
0%
South CarolinaTown11,097Irmo
0%
South CarolinaTown10,811Fort Mill
0%
South CarolinaCity10,361Forest Acres
0%
HawaiiCDP9,644Kalaoa
0%
South CarolinaCDP10,291Oak Grove
0%
South CarolinaCity10,277Newberry
0%
HawaiiCDP12,666Nanakuli
0%
HawaiiCDP13,177Waianae
0%
HawaiiCDP13,730Waimalu
0%
HawaiiCDP14,014Halawa
0%
HawaiiCDP14,525Royal Kunia
0%
HawaiiCDP14,955Ewa Beach
0%
HawaiiCDP15,186Kapolei
0%
HawaiiCDP15,313Wailuku
0%
South CarolinaCDP13,790Ladson
0%
South CarolinaCity13,964Orangeburg
0%
WyomingCDP1,759Fort Washakie
0%
WyomingCDP1,656Arapahoe
0%
HawaiiCDP8,810Ahuimanu
0%
HawaiiCDP8,841Waihee-Waiehu
0%
HawaiiCDP9,212Waimea
0%
AlabamaCity30,352Alabaster
0%
HawaiiCDP9,338Aiea
0%
WyomingTown1,503Star Valley Ranch
0%
South CarolinaCity21,348North Augusta
0%
WyomingCDP1,553Ethete
0%
WyomingTown1,567Lusk
0%
South CarolinaCDP20,622Wade Hampton
0%
South CarolinaCity19,993Easley
0%
South CarolinaCDP14,062Dentsville
0%
South CarolinaCDP19,952Socastee
0%
South CarolinaCity18,238Simpsonville
0%
WyomingCDP1,658Antelope Valley-Crestview
0%
South CarolinaCity17,997Hanahan
0%
HawaiiCDP9,488Maili
0%
South CarolinaCDP15,144Seven Oaks
0%
South CarolinaCity14,988West Columbia
0%
South CarolinaCDP14,295Berea
0%
South CarolinaCDP14,229Gantt
0%
South CarolinaCDP14,140Five Forks
0%
HawaiiCDP16,370Schofield Barracks
0%
HawaiiCDP17,821Wahiawa
0%
WyomingCDP4,217South Greeley
0%
South DakotaCity1,768Volga
0%
HawaiiCDP38,216Waipahu
0%
WyomingCity2,656Kemmerer
0%
South DakotaCity2,078Fort Pierre
0%
South DakotaCity2,005Beresford
0%
GeorgiaCDP18,947North Druid Hills
0%
South DakotaCity1,963Elk Point
0%
South DakotaCDP1,954North Eagle Butte
0%
WyomingTown3,009Thermopolis
0%
WyomingTown3,461Mills
0%
AlabamaCity22,659Prichard
0%
South DakotaCity2,333Redfield
0%
South DakotaCDP1,587Rosebud
0%
South DakotaCity1,508Parkston
0%
GeorgiaCity19,140Pooler
0%
GeorgiaCity19,456Union City
0%
GeorgiaCity20,425Acworth
0%
GeorgiaCity22,084McDonough
0%
GeorgiaCDP23,025Candler-McAfee
0%
WyomingTown3,627Wheatland
0%
WyomingCDP3,647Fox Farm-College
0%
GeorgiaCity23,643Griffin
0%
South DakotaCDP2,221North Spearfish
0%
South DakotaCity2,341Flandreau
0%
WyomingTown1,807Wright
0%
WyomingTown2,115Lyman
0%
South DakotaCDP8,260Rapid Valley
0%
HawaiiCDP18,248Makakilo
0%
HawaiiCDP20,881Kihei
0%
WyomingCDP1,821Moose Wilson Road
0%
WyomingTown1,847Greybull
0%
HawaiiCDP21,039Mililani Mauka
0%
WyomingTown1,911Afton
0%
HawaiiCDP22,690Ewa Gentry
0%
WyomingTown2,030Pinedale
0%
South DakotaCity3,633Dell Rapids
0%
South DakotaCity3,353Milbank
0%
WyomingTown2,576Glenrock
0%
South DakotaCDP3,308Pine Ridge
0%
WyomingCDP2,207North Rock Springs
0%
WyomingTown2,213Bar Nunn
0%
HawaiiCDP27,629Mililani Town
0%
South DakotaCity2,897Winner
0%
South DakotaCDP2,892Blackhawk
0%
South DakotaCDP2,540Dakota Dunes
0%
AlabamaCity25,167Homewood
0%
South DakotaCDP2,493Colonial Pine Hills
0%
South DakotaCity2,470Sisseton
0%
GeorgiaCity18,522Sugar Hill
0%
DelawareCDP2,316Woodside East
0%
AlabamaCity14,618Foley
0%
ColoradoCDP14,846Welby
0%
VermontCDP2,024West Rutland
0%
WashingtonCDP22,707Inglewood-Finn Hill
0%
WashingtonCity23,025Bainbridge Island
0%
WashingtonCDP27,227Spanaway
0%
WashingtonCity28,069Lake Stevens
0%
ColoradoCDP13,813Fort Carson
0%
WashingtonCDP29,878East Hill-Meridian
0%
WashingtonCity31,144University Place
0%
VermontCDP1,690Wilder
0%
VermontVillage1,643North Bennington
0%
WashingtonCity22,699Mercer Island
0%
VermontVillage1,612Poultney
0%
HawaiiCDP8,538Holualoa
0%
ColoradoCDP16,161Cimarron Hills
0%
VermontCDP1,361Richford
0%
VermontCDP1,345Hardwick
0%
WashingtonCity33,313Burien
0%
VermontVillage1,329Enosburg Falls
0%
WashingtonCity33,505Bothell
0%
VermontCDP1,219South Barre
0%
ColoradoCDP13,116Black Forest
0%
WashingtonCity22,684Maple Valley
0%
VermontVillage1,207Lyndonville
0%
AlaskaCDP1,932Fritz Creek
0%
ConnecticutCDP30,562Newington
0%
ConnecticutBorough31,862Naugatuck
0%
West VirginiaCity7,907Dunbar
0%
ConnecticutCDP36,018Trumbull
0%
West VirginiaCDP7,988Cheat Lake
0%
ConnecticutCity36,383Torrington
0%
West VirginiaCity9,318Moundsville
0%
West VirginiaCDP9,995Cross Lanes
0%
AlaskaCDP1,956Bear Creek
0%
West VirginiaCDP13,175Teays Valley
0%
WashingtonCDP22,494Cottage Lake
0%
West VirginiaCity16,578Clarksburg
0%
VermontVillage3,148Bellows Falls
0%
VermontCDP2,740West Brattleboro
0%
AlaskaCDP1,930Anchor Point
0%
VermontCity2,588Vergennes
0%
VermontVillage2,386Swanton
0%
VermontCDP2,286White River Junction
0%
ArizonaCDP66,795Casas Adobes
0%
VermontCDP2,269Fair Haven
0%
VermontCDP2,120Manchester Center
0%
ColoradoCity16,400Cañon City
0%
WashingtonCity35,836Lynnwood
0%
ConnecticutCDP26,668Wethersfield
0%
VirginiaCDP35,036Marumsco
0%
VirginiaCDP41,058Lake Ridge
0%
VirginiaCDP41,055Burke
0%
ArkansasTown26,461Bella Vista
0%
ArkansasCity26,113Paragould
0%
ArkansasCity23,776Cabot
0%
ArkansasCity22,858Searcy
0%
ArkansasCity17,163Maumelle
0%
ArkansasCity15,620Blytheville
0%
VirginiaCDP35,725Linton Hall
0%
ArkansasCity9,515Centerton
0%
ArkansasCity8,367Wynne
0%
VirginiaCDP22,855Lincolnia
0%
ArkansasCity10,318Malvern
0%
VirginiaCDP23,643Bailey's Crossroads
0%
VirginiaCDP30,223Fair Oaks
0%
ArkansasCity15,039Siloam Springs
0%
VirginiaCDP24,256South Riding
0%
ArkansasCity12,448Mountain Home
0%
VirginiaCDP24,729Short Pump
0%
ArkansasCity12,282Helena-West Helena
0%
VirginiaCDP29,207West Falls Church
0%
ArkansasCity29,523Sherwood
0%
ArkansasCity7,757Osceola
0%
VermontVillage900Woodstock
0%
WashingtonCity39,709Edmonds
0%
ColoradoCDP18,287Sherrelwood
0%
VermontCDP830Wallingford
0%
VermontCDP826East Barre
0%
VermontCDP821Island Pond
0%
WashingtonCity37,022Puyallup
0%
ArizonaTown25,259Sahuarita
0%
ColoradoCDP29,637Pueblo West
0%
ColoradoCity30,166Wheat Ridge
0%
ColoradoCDP32,005Dakota Ridge
0%
WashingtonCity42,393Lacey
0%
ArkansasCity7,315Beebe
0%
ColoradoCDP32,438Ken Caryl
0%
ColoradoCDP32,882Security-Widefield
0%
WashingtonCity45,780Sammamish
0%
ColoradoCity35,789Northglenn
0%
ArizonaCDP21,700Anthem
0%
WashingtonCDP52,431South Hill
0%
VirginiaCDP65,969Dale City
0%
WashingtonCity53,007Shoreline
0%
ColoradoCDP96,713Highlands Ranch
0%
ArkansasCity7,243Trumann
0%
West VirginiaCity7,730Oak Hill
0%
West VirginiaCity7,094Elkins
0%
WisconsinCity21,156South Milwaukee
0%
DelawareCDP7,898Pike Creek
0%
DelawareTown2,167Selbyville
0%
AlaskaCDP6,662Steele Creek
0%
AlaskaCDP5,791Chena Ridge
0%
DelawareTown2,918Clayton
0%
DelawareCDP3,391Rising Sun-Lebanon
0%
DelawareCDP3,459Highland Acres
0%
DelawareTown3,877Millsboro
0%
DelawareCDP5,677Edgemoor
0%
DelawareCDP7,889Wilmington Manor
0%
DelawareCDP7,980North Star
0%
DelawareTown2,048Bridgeville
0%
TexasCity71,802Baytown
0%
DelawareCDP8,253Claymont
0%
DelawareCDP11,217Pike Creek Valley
0%
TexasCDP65,844Atascocita
0%
DelawareCDP13,527Hockessin
0%
DelawareCDP14,353Brookside
0%
ConnecticutCDP7,214Putnam
0%
ConnecticutCDP7,387Glastonbury Center
0%
AlaskaCDP5,552Gateway
0%
ConnecticutCDP7,645Ridgefield
0%
DelawareTown2,049Townsend
0%
DelawareCDP1,980Long Neck
0%
ConnecticutCDP7,712Winsted
0%
DelawareTown1,298Felton
0%
WisconsinCity23,132Mequon
0%
FloridaCDP78,113Alafaya
0%
WisconsinCity23,800De Pere
0%
AlabamaCity14,255Hartselle
0%
AlabamaCity14,012Fort Payne
0%
AlabamaCity13,893Gardendale
0%
DelawareTown1,060Bethany Beach
0%
DelawareTown1,193Bellefonte
0%
DelawareTown1,241Blades
0%
AlabamaCity13,405Saraland
0%
AlaskaCDP7,570Meadow Lakes
0%
WisconsinCity26,717Stevens Point
0%
DelawareTown1,380Cheswold
0%
DelawareCDP1,487Rodney Village
0%
WisconsinCity29,364Sun Prairie
0%
AlaskaCDP19,482Badger
0%
WisconsinCity34,451Oak Creek
0%
AlaskaCDP14,923Knik-Fairview
0%
AlaskaCDP8,197Tanaina
0%
DelawareCDP1,890Kent Acres
0%
AlaskaCDP7,850Kalifornsky
0%
ConnecticutCDP7,657Southwood Acres
0%
ConnecticutCDP8,459Kensington
0%
West VirginiaCDP6,650Pea Ridge
0%
West VirginiaCity3,983Westover
0%
UtahCity26,472Holladay
0%
ConnecticutCity12,902Derby
0%
ConnecticutCDP15,344Storrs
0%
West VirginiaCDP3,701Upper Falls
0%
West VirginiaCity3,876Ravenswood
0%
West VirginiaVillage3,964Barboursville
0%
UtahCity21,415Eagle Mountain
0%
ConnecticutCDP17,737Willimantic
0%
ConnecticutCDP18,209Wallingford Center
0%
West VirginiaCDP4,028Sissonville
0%
UtahCDP26,505Magna
0%
West VirginiaCity4,350Point Pleasant
0%
West VirginiaCorporation4,440Ranson
0%
UtahCity17,899Brigham City
0%
West VirginiaCity5,164Grafton
0%
AlaskaCDP2,174Prudhoe Bay
0%
UtahCity16,532South Ogden
0%
West VirginiaCity5,366New Martinsville
0%
West VirginiaCity5,439Keyser
0%
UtahCity15,335Centerville
0%
West VirginiaCity5,639Buckhannon
0%
West VirginiaCDP3,358Shannondale
0%
West VirginiaCDP3,262Pinch
0%
UtahCDP62,139Millcreek
0%
AlaskaCDP2,647Eielson AFB
0%
AlaskaCDP4,853Farmers Loop
0%
AlaskaCDP4,679Fishhook
0%
AlaskaCDP4,493Nikiski
0%
ConnecticutCDP8,834Conning Towers Nautilus Park
0%
AlaskaCity4,163Soldotna
0%
AlaskaCDP3,557Goldstream
0%
AlaskaCDP3,350Big Lake
0%
ConnecticutCity10,389Groton
0%
UtahCity42,274Draper
0%
ConnecticutCDP12,498Windsor Locks
0%
UtahCity27,300Kaysville
0%
UtahCDP35,731Kearns
0%
AlaskaCDP2,422Ester
0%
UtahCity33,433Cottonwood Heights
0%
AlaskaCDP2,251Deltana
0%
West VirginiaCDP3,089Blennerhassett
0%
UtahCity31,605Tooele
0%
West VirginiaCity3,149Pleasant Valley
0%
West VirginiaCity3,191Williamson
0%
West VirginiaCity3,216Kenova
0%
UtahCity27,964Midvale
0%
VermontCDP1,485Castleton
0%
New JerseyCity27,346Rahway
0%
HawaiiCDP8,361Ocean Pointe
0%
MaineCDP2,885Bucksport
0%
New HampshireCity11,766Somersworth
0%
MarylandCDP47,709Bel Air South
0%
MarylandCDP48,284Wheaton
0%
MarylandCDP48,759Aspen Hill
0%
MarylandCDP55,197Towson
0%
MarylandCDP63,597Dundalk
0%
MarylandCDP65,834Ellicott City
0%
New HampshireCDP5,418South Hooksett
0%
New HampshireCDP5,379Suncook
0%
New HampshireCDP5,297Newmarket
0%
New HampshireCDP4,780Pinardville
0%
New HampshireCDP4,197East Merrimack
0%
New HampshireCDP4,147Hooksett
0%
New HampshireCDP3,196Goffstown
0%
New HampshireCity13,355Claremont
0%
MaineCDP2,967Madawaska
0%
New HampshireCDP3,075Tilton Northfield
0%
New HampshireCDP2,855Raymond
0%
New HampshireCDP2,838Wolfeboro
0%
New HampshireCDP2,757Jaffrey
0%
New HampshireCDP2,349North Conway
0%
MaineCDP3,033York Harbor
0%
MaineCDP3,071Lake Arrowhead
0%
New HampshireCDP1,747Henniker
0%
MaineCity3,123Calais
0%
MaineCDP3,292Springvale
0%
New HampshireCDP1,718Meredith
0%
MaineCDP3,550South Eliot
0%
New HampshireCDP1,681Epping
0%
MarylandCDP44,965Potomac
0%
New HampshireCity15,951Laconia
0%
MaineCDP4,100Lisbon Falls
0%
NevadaCDP3,187Nellis AFB
0%
MarylandCDP32,430Randallstown
0%
NevadaCDP8,777Incline Village
0%
NevadaCity8,606Fallon
0%
NevadaCDP7,323Laughlin
0%
NevadaCDP6,924Moapa Valley
0%
NevadaCDP6,490Johnson Lane
0%
NevadaCDP5,656Gardnerville
0%
NevadaCDP5,627Indian Hills
0%
NevadaCDP5,296Silver Springs
0%
NevadaCDP5,040Lemmon Valley
0%
NevadaCity4,410West Wendover
0%
MarylandCDP33,513Chillum
0%
NevadaCDP3,635Battle Mountain
0%
NevadaCDP3,269Hawthorne
0%
NevadaCity3,048Yerington
0%
MarylandCDP44,231Severn
0%
NevadaCDP3,019Washoe Valley
0%
NevadaCDP3,001Minden
0%
NevadaCity2,368Carlin
0%
NevadaCDP2,152Kingsbury
0%
NevadaCDP2,051Sandy Valley
0%
NevadaCity1,894Lovelock
0%
NevadaCDP1,874Stagecoach
0%
NevadaCDP1,603Smith Valley
0%
NevadaCDP1,556Golden Valley
0%
MarylandCDP33,844Olney
0%
MarylandCDP37,132Odenton
0%
MarylandCDP37,634Severna Park
0%
MarylandCDP41,567Catonsville
0%
New HampshireCity23,409Keene
0%
New HampshireCDP1,600Gorham
0%
New HampshireCDP1,548Hinsdale
0%
NevadaCDP12,361Spring Creek
0%
New MexicoCDP6,130Eldorado at Santa Fe
0%
New MexicoCity11,009Lovington
0%
LouisianaCDP12,352Bayou Blue
0%
New MexicoCity10,224Espanola
0%
New MexicoCDP9,360Anthony
0%
LouisianaCity12,404Morgan City
0%
New MexicoVillage8,329Corrales
0%
New MexicoTown8,320Bernalillo
0%
New MexicoVillage8,029Ruidoso
0%
New MexicoCDP7,875Kirtland
0%
New MexicoCity7,269Belen
0%
LouisianaCDP12,679Belle Chasse
0%
LouisianaCity13,065West Monroe
0%
LouisianaCity13,082Minden
0%
New MexicoCDP6,302Zuni Pueblo
0%
New MexicoVillage6,024Los Ranchos de Albuquerque
0%
LouisianaCity12,232Bogalusa
0%
New MexicoCDP5,858Lee Acres
0%
New MexicoCDP5,725White Rock
0%
LouisianaCity13,265Crowley
0%
New MexicoCDP5,446Los Chaves
0%
New MexicoCDP5,391North Hobbs
0%
LouisianaCDP13,494River Ridge
0%
New MexicoCDP4,977Placitas
0%
New MexicoCDP4,723Rio Communities
0%
New MexicoCDP4,708Meadow Lake
0%
New MexicoCDP4,657El Cerro Mission
0%
LouisianaCity14,566Thibodaux
0%
LouisianaCDP16,377Estelle
0%
LouisianaCity16,634Opelousas
0%
LouisianaCDP16,751Chalmette
0%
LouisianaCity12,257Abbeville
0%
New MexicoCity14,106Sunland Park
0%
MaineCDP4,218Rumford
0%
New JerseyCity40,499Linden
0%
MaineCDP4,403Scarborough
0%
MaineCDP4,466Millinocket
0%
MaineCDP4,536South Sanford
0%
MaineCDP4,856Houlton
0%
MaineCDP4,904North Windham
0%
New JerseyCity66,455Union City
0%
MaineCity5,800Gardiner
0%
New JerseyTownship60,773North Bergen Township
0%
MaineCDP5,931Topsham
0%
MaineCDP6,297Skowhegan
0%
New JerseyTownship53,926Irvington Township
0%
MaineCDP6,882Gorham
0%
MaineCity7,741Ellsworth
0%
New JerseyBorough42,704Sayreville
0%
New JerseyTownship35,885Pennsauken Township
0%
New MexicoCDP14,631Chaparral
0%
New JerseyBorough32,457Fair Lawn
0%
New JerseyCity30,487Garfield
0%
MaineCDP8,624Old Orchard Beach
0%
MaineCDP9,474Orono
0%
MaineCity9,482Brewer
0%
New JerseyTownship25,850West Milford Township
0%
MaineCity17,494Westbrook
0%
LouisianaCity11,365Bastrop
0%
LouisianaCDP11,507Claiborne
0%
New MexicoCDP40,976South Valley
0%
LouisianaCDP11,535Destrehan
0%
LouisianaCDP11,557Moss Bluff
0%
LouisianaCDP12,080Woodmere
0%
LouisianaCDP12,119Luling
0%
NevadaCDP11,312Gardnerville Ranchos
0%
MarylandCDP30,764Pikesville
0%
LouisianaCDP18,399Shenandoah
0%
MissouriCity17,833Creve Coeur
0%
MissouriCity27,472Maryland Heights
0%
MissouriCity25,703Hazelwood
0%
MissouriCity24,475Grandview
0%
MissouriCity23,116Belton
0%
MissouriCity22,995Webster Groves
0%
MissouriCity20,808Arnold
0%
MissouriCDP20,307Affton
0%
MissouriCDP19,650Spanish Lake
0%
MissouriCity19,559Rolla
0%
MissouriCity19,206Raymore
0%
MissouriCDP19,184Old Jamestown
0%
MissouriCity19,022Nixa
0%
MinnesotaCity64,206Eagan
0%
MissouriCity17,023Poplar Bluff
0%
MissouriCDP28,380Mehlville
0%
MissouriCDP16,645Lemay
0%
MichiganCity28,210Allen Park
0%
MissouriCity16,318Sikeston
0%
MichiganCity29,694Madison Heights
0%
MichiganCity32,442Eastpointe
0%
MichiganCity38,144Lincoln Park
0%
MontanaCDP8,227Helena Valley Southeast
0%
MontanaCDP7,883Helena Valley West Central
0%
MontanaCDP7,616Evergreen
0%
MontanaCDP6,797Lockwood
0%
MichiganTownship48,362Redford Township
0%
MontanaCDP5,197Orchard Homes
0%
MontanaCity5,191Sidney
0%
MontanaCity4,935Glendive
0%
MissouriCity27,540Kirkwood
0%
MinnesotaCity60,306Burnsville
0%
MontanaCity4,488Polson
0%
MinnesotaCity25,043Shoreview
0%
MinnesotaCity21,456New Brighton
0%
MinnesotaCity21,874Rosemount
0%
MinnesotaCity22,151Crystal
0%
MinnesotaCity22,796Prior Lake
0%
MississippiCity18,572Gautier
0%
MinnesotaCity22,952Chanhassen
0%
MinnesotaCity22,974Elk River
0%
MississippiCity17,442Ocean Springs
0%
MinnesotaCity23,352Faribault
0%
MinnesotaCity23,668Ramsey
0%
MississippiCity13,704Moss Point
0%
MinnesotaCity23,770Chaska
0%
MississippiCity12,790McComb
0%
MinnesotaCity23,797White Bear Lake
0%
MississippiCity11,489Byram
0%
MissouriCity30,404Ballwin
0%
MinnesotaCity25,599Owatonna
0%
MinnesotaCity26,911Savage
0%
MississippiCity10,454Petal
0%
MississippiCity9,486D'Iberville
0%
MississippiCDP8,425Diamondhead
0%
MinnesotaCity27,208Fridley
0%
MississippiCDP7,730St. Martin
0%
MinnesotaCity30,104Brooklyn Center
0%
MinnesotaCity33,880Inver Grove Heights
0%
MinnesotaCity34,589Cottage Grove
0%
MinnesotaCity37,076Shakopee
0%
MinnesotaCity45,250St. Louis Park
0%
MinnesotaCity49,084Apple Valley
0%
MinnesotaCity55,954Lakeville
0%
MontanaCity4,688Columbia Falls
0%
MichiganCity48,707Kentwood
0%
NevadaCDP15,064Spanish Springs
0%
NebraskaCity2,737Valentine
0%
NebraskaCity5,943Ralston
0%
NebraskaCity5,851Chadron
0%
NebraskaCity5,495Holdrege
0%
NebraskaCDP4,644Offutt AFB
0%
NebraskaCity4,508Wahoo
0%
NebraskaCity4,441Gretna
0%
NebraskaCity3,977Cozad
0%
NebraskaCity3,942Fairbury
0%
NebraskaCity3,705O'Neill
0%
NebraskaCity3,574Gothenburg
0%
NebraskaCity3,277Waverly
0%
MarylandCDP25,191Middle River
0%
NebraskaCity2,923Minden
0%
NebraskaCity2,906David City
0%
MarylandCDP25,333Lochearn
0%
NebraskaCity6,502Plattsmouth
0%
MarylandCDP25,562Edgewood
0%
MarylandCDP25,825Suitland
0%
MarylandCDP25,968Reisterstown
0%
MarylandCDP26,112South Laurel
0%
MarylandCDP28,474Perry Hall
0%
MarylandCDP29,042Milford Mill
0%
MarylandCDP29,941Carney
0%
MarylandCDP30,531Eldersburg
0%
NevadaCDP38,585Whitney
0%
NevadaCDP36,441Pahrump
0%
MarylandCDP30,568Bel Air North
0%
NevadaCDP24,085Summerlin South
0%
NevadaCDP19,299Sun Valley
0%
MarylandCDP30,622Owings Mills
0%
NebraskaCity6,211Schuyler
0%
NebraskaCity6,757Sidney
0%
MontanaCDP4,270Bigfork
0%
MontanaCDP2,157East Missoula
0%
MontanaCDP3,892Lolo
0%
MontanaCDP3,482Helena Valley Northwest
0%
MontanaCDP3,472Malmstrom AFB
0%
MontanaCity3,111Deer Lodge
0%
MontanaCDP2,995Helena Valley Northeast
0%
MontanaCity2,869Cut Bank
0%
MichiganCity59,715St. Clair Shores
0%
MontanaCity2,628Libby
0%
MontanaCity2,621Wolf Point
0%
MichiganTownship64,690West Bloomfield Township
0%
MontanaCDP2,408North Browning
0%
MontanaCDP2,308Big Sky
0%
MontanaCDP2,254Pablo
0%
MontanaCity2,214Colstrip
0%
MontanaCity2,125Red Lodge
0%
NebraskaCity6,960Crete
0%
MontanaCDP2,052Lame Deer
0%
MontanaCity1,997Malta
0%
MichiganCity84,094Westland
0%
MassachusettsCity28,438Agawam Town
0%
MassachusettsCDP28,886Needham
0%
NebraskaCity18,894Papillion
0%
NebraskaCity15,758La Vista
0%
MassachusettsCity38,120Woburn
0%
NebraskaCity12,459Beatrice
0%
NebraskaCDP10,994Chalco
0%
NebraskaCity8,500Gering
0%
NebraskaCity8,491Alliance
0%
NebraskaCity7,990Blair
0%
NebraskaCity7,698McCook
0%
LouisianaCity17,736Gretna
0%
LouisianaCDP19,355Bayou Cane
0%
HawaiiCDP8,278Makaha
0%
IdahoCity2,782Wendell
0%
OregonCity21,181Roseburg
0%
OregonCity21,083Forest Grove
0%
IllinoisVillage56,703Tinley Park
0%
OregonCDP19,936Hayesville
0%
OregonCity19,509Wilsonville
0%
OregonCDP19,257Altamont
0%
OregonCity18,194Sherwood
0%
OregonCity17,169Central Point
0%
OregonCity16,745Hermiston
0%
OregonCDP16,629Oak Grove
0%
OregonCity16,612Pendleton
0%
OregonCity15,962Troutdale
0%
OregonCity15,829Canby
0%
OregonCDP14,546Cedar Mill
0%
OregonCity24,080Woodburn
0%
OregonCity13,903Happy Valley
0%
OregonCDP13,415Oatfield
0%
OregonCity11,869Cornelius
0%
IdahoCity2,991McCall
0%
IdahoCity3,058Soda Springs
0%
IdahoCity3,089Heyburn
0%
IdahoCity3,141Grangeville
0%
IdahoCity3,142Orofino
0%
IdahoCDP3,201Fort Hall
0%
IdahoCDP3,238Mountain Home AFB
0%
IdahoCity3,542St. Anthony
0%
IdahoCity3,567Gooding
0%
PennsylvaniaTownship42,329Penn Hills Municipality
0%
IdahoCity3,945Rigby
0%
IllinoisCity56,657Berwyn
0%
OregonCity25,109West Linn
0%
IdahoCity4,409Shelley
0%
OklahomaCity8,880Sallisaw
0%
OklahomaCity15,856Durant
0%
OklahomaCity15,753Tahlequah
0%
IllinoisVillage37,691Carpentersville
0%
OklahomaCity12,321Okmulgee
0%
OklahomaCity11,693Elk City
0%
OklahomaCity11,442Guymon
0%
OklahomaCity11,146Choctaw
0%
OklahomaCity10,833Weatherford
0%
OklahomaCity10,808Glenpool
0%
OklahomaCity10,191Guthrie
0%
OklahomaCity10,043Warr Acres
0%
OklahomaCity9,943Coweta
0%
OklahomaCity9,539Pryor Creek
0%
IllinoisVillage37,973Hanover Park
0%
OklahomaCity8,520Poteau
0%
OregonCity26,054Tualatin
0%
OklahomaCity8,323Wagoner
0%
IllinoisVillage39,680Romeoville
0%
IllinoisVillage39,711Carol Stream
0%
IllinoisVillage39,858Streamwood
0%
IllinoisCity40,743Crystal Lake
0%
IllinoisVillage41,496Buffalo Grove
0%
IllinoisVillage43,165Lombard
0%
IllinoisVillage44,692Glenview
0%
OregonCDP49,425Aloha
0%
OregonCity48,035Tigard
0%
OregonCity36,478Keizer
0%
IllinoisVillage51,895Hoffman Estates
0%
OregonCity32,187McMinnville
0%
IllinoisCity52,894Wheaton
0%
IdahoCity4,122Buhl
0%
PennsylvaniaTownship33,137Mount Lebanon Municipality
0%
OklahomaCity16,749El Reno
0%
Rhode IslandCDP1,485Ashaway
0%
Rhode IslandCDP17,936Westerly
0%
Rhode IslandCDP16,310Barrington Town
0%
Rhode IslandCDP11,769Newport East
0%
Rhode IslandCDP11,547Valley Falls
0%
HawaiiCDP5,938Wailea
0%
Rhode IslandCDP8,487Wakefield-Peacedale
0%
Rhode IslandCDP7,934Cumberland Hill
0%
Rhode IslandCDP7,557Tiverton
0%
HawaiiCDP6,108Ewa Villages
0%
Rhode IslandCDP4,577Pascoag
0%
Rhode IslandCDP3,409Narragansett Pier
0%
Rhode IslandCDP1,675Chepachet
0%
Rhode IslandCDP1,612Hope Valley
0%
HawaiiCDP6,362Waikoloa Village
0%
Rhode IslandCDP1,320Melville
0%
Rhode IslandCDP22,954Bristol Town
0%
HawaiiCDP6,452Kula
0%
Rhode IslandCDP888Greene
0%
Rhode IslandCDP425Weekapaug
0%
Rhode IslandCDP390Misquamicut
0%
Rhode IslandCDP355Foster Center
0%
Rhode IslandCDP333Quonochontaug
0%
Rhode IslandCDP154Watch Hill
0%
HawaiiCDP6,920Hickam Housing
0%
HawaiiCDP7,184Makawao
0%
HawaiiCDP7,261Napili-Honokowai
0%
HawaiiCDP7,479Waikele
0%
HawaiiCDP7,574Pukalani
0%
HawaiiCDP8,118Haiku-Pauwela
0%
South CarolinaTown43,392Summerville
0%
Rhode IslandCity19,376Central Falls
0%
IdahoCity27,574Post Falls
0%
PennsylvaniaTownship31,531Radnor Township
0%
IdahoCity7,960Hailey
0%
IdahoCity4,457American Falls
0%
PennsylvaniaCDP28,043Drexel Hill
0%
PennsylvaniaBorough27,126Plum
0%
IdahoCity5,524Middleton
0%
IdahoCity5,554Rupert
0%
IdahoCity6,557Emmett
0%
PennsylvaniaCDP21,552Allison Park
0%
IdahoCity6,826Rathdrum
0%
PennsylvaniaBorough20,313West Mifflin
0%
PennsylvaniaMunicipality20,079Murrysville
0%
IdahoCity7,365Sandpoint
0%
PennsylvaniaBorough19,767Baldwin
0%
PennsylvaniaCity19,731McKeesport
0%
PennsylvaniaTownship19,229Upper St. Clair Township
0%
IdahoCity10,345Burley
0%
Rhode IslandCDP29,191West Warwick Town
0%
PennsylvaniaBorough16,440Phoenixville
0%
PennsylvaniaBorough16,269Lansdale
0%
PennsylvaniaCity16,220Hermitage
0%
PennsylvaniaBorough15,930Wilkinsburg
0%
PennsylvaniaCDP15,726Willow Grove
0%
PennsylvaniaTownship15,663West Norriton Township
0%
IdahoCity10,890Jerome
0%
IdahoCity11,899Blackfoot
0%
IdahoCity13,294Hayden
0%
IdahoCity13,816Ammon
0%
IdahoCity13,922Chubbuck
0%
IdahoCity14,206Mountain Home
0%
IdahoCity15,210Kuna
0%
Rhode IslandCDP32,078North Providence Town
0%
OklahomaCity16,036Chickasha
0%
IllinoisCity37,480Park Ridge
0%
LouisianaCDP20,348Harvey
0%
KansasCity12,301Winfield
0%
KansasCity7,314Bonner Springs
0%
KansasCDP7,761Fort Riley
0%
North CarolinaTown33,518Indian Trail
0%
KansasCity8,087Fort Scott
0%
KansasCity9,119Chanute
0%
KansasCity10,295Coffeyville
0%
North CarolinaTown27,198Matthews
0%
North CarolinaTown25,745Garner
0%
KansasCity10,826Haysville
0%
North CarolinaTown24,866Cornelius
0%
KansasCity11,003Merriam
0%
North CarolinaTown22,722Mint Hill
0%
North CarolinaCity20,735Havelock
0%
KansasCity11,021Atchison
0%
KansasCity12,415Arkansas City
0%
KansasCity6,822Valley Center
0%
North CarolinaTown17,937Fuquay-Varina
0%
KansasCity15,995Great Bend
0%
KansasCity19,123Gardner
0%
KansasCity21,447Prairie Village
0%
KansasCity22,158Derby
0%
North DakotaCity18,331Mandan
0%
KansasCity24,916Emporia
0%
North DakotaCity7,141Devils Lake
0%
North DakotaCity6,585Valley City
0%
KansasCity31,867Leawood
0%
North DakotaCity4,284Grafton
0%
North DakotaCity3,121Beulah
0%
North DakotaCity2,876Rugby
0%
North DakotaCity2,430Horace
0%
KansasCity7,297Park City
0%
KansasCity6,769Bel Aire
0%
North DakotaCity2,329Casselton
0%
KentuckyCity9,108Campbellsville
0%
LouisianaCity20,410Sulphur
0%
LouisianaCDP23,319Terrytown
0%
New YorkCDP43,213West Babylon
0%
LouisianaCDP29,872Laplace
0%
New YorkCDP41,547Hicksville
0%
New YorkCDP39,113Coram
0%
New YorkCDP38,132East Meadow
0%
New YorkCDP36,124Commack
0%
New YorkCDP34,450Central Islip
0%
LouisianaCDP33,141Marrero
0%
KentuckyCity8,568Versailles
0%
KentuckyCity8,575Edgewood
0%
New YorkCDP31,578Centereach
0%
KentuckyCDP9,036Oakbrook
0%
New YorkCDP29,320Franklin Square
0%
KentuckyCity26,595Jeffersontown
0%
KentuckyCity10,334Middlesborough
0%
New YorkCDP28,335West Islip
0%
KentuckyCity10,505Lawrenceburg
0%
New YorkCDP27,854Shirley
0%
KentuckyCity11,002Lyndon
0%
KentuckyCity11,222Shepherdsville
0%
KentuckyCity11,700Bardstown
0%
KentuckyCity13,561Berea
0%
KentuckyCDP13,685Fort Campbell North
0%
KentuckyCity15,264Shively
0%
KentuckyCity16,325Fort Thomas
0%
KentuckyCity17,472St. Matthews
0%
KentuckyCity18,082Erlanger
0%
KentuckyCity21,688Radcliff
0%
North DakotaCity2,411Hazen
0%
North DakotaCity2,211Bottineau
0%
OklahomaCity16,924Jenks
0%
OhioCity32,352Fairborn
0%
IowaCity13,374North Liberty
0%
IowaCity13,790Waukee
0%
IowaCity15,447Clive
0%
IowaCity18,907Coralville
0%
OhioCity44,750Strongsville
0%
IowaCity22,886Muscatine
0%
OhioCity36,120Westerville
0%
OhioCity35,893Reynoldsburg
0%
OhioCity35,575Grove City
0%
OhioCDP35,376Boardman
0%
OhioCity33,771Upper Arlington
0%
OhioCity33,248Gahanna
0%
OhioCity32,729Westlake
0%
OhioCity32,718North Olmsted
0%
OhioCity32,149Massillon
0%
IowaCity10,780Keokuk
0%
OhioCity30,444North Royalton
0%
OhioCDP29,677Austintown
0%
OhioCity29,465North Ridgeville
0%
OklahomaCity35,750Bartlesville
0%
OklahomaCity28,915Owasso
0%
OklahomaCity25,387Ponca City
0%
OklahomaCity23,431Duncan
0%
OklahomaCity20,884Bixby
0%
OklahomaCity20,544Sapulpa
0%
OklahomaCity19,813Altus
0%
OklahomaCity18,906Sand Springs
0%
OklahomaCity18,581Claremore
0%
OklahomaCity18,383McAlester
0%
OklahomaCity17,395Mustang
0%
IowaCity11,051Fort Madison
0%
IowaCity10,600Storm Lake
0%
North DakotaCDP2,078Belcourt
0%
North DakotaCity1,246Washburn
0%
North DakotaCity1,878Langdon
0%
North DakotaCity1,858Mayville
0%
North DakotaCity1,856Oakes
0%
North DakotaCity1,783Harvey
0%
North DakotaCity1,744Watford City
0%
North DakotaCity1,650Bowman
0%
IowaCity7,834Creston
0%
North DakotaCity1,453Garrison
0%
North DakotaCity1,403Park River
0%
North DakotaCity1,394Ellendale
0%
North DakotaCity1,391New Rockford
0%
North DakotaCity1,346Larimore
0%
North DakotaCity1,302Cavalier
0%
North DakotaCity1,280Rolla
0%
North DakotaCDP1,243Fort Totten
0%
IowaCity10,352Pella
0%
North DakotaCity1,230Tioga
0%
North DakotaCity1,226Hettinger
0%
North DakotaCDP1,197Shell Valley
0%
North DakotaCity1,115Cando
0%
North DakotaCity1,097Linton
0%
North DakotaCity1,096Kenmare
0%
North DakotaCity1,084Velva
0%
IowaCity8,070Webster City
0%
IowaCity8,127Decorah
0%
IowaCity8,246Grimes
0%
IowaCity8,298Denison
0%
IowaCity8,785Pleasant Hill
0%
IowaCity9,218Grinnell
0%
IowaCity9,874Waverly
0%
WyomingTown1,285Basin
0%

Score Distribution

Percentile by Number Answered

Percent of People with Each Score

Your Score History

You have not taken this quiz